中国县级行政区,但是回答其中一个字也算对(点位地图版) - Statistics

General Stats
  • This quiz has been taken 195 times
  • The average score is 2250 of 2846
Answers on the Map
Answers color-coded by a green-red scale on the quiz's map according to % correct below.
 
Answer Stats
省级行政区 地级行政区 县级行政区 % Correct
河北省 石家庄市 平山县
100%
山西省 大同市 平城区
100%
辽宁省 本溪市 平山区
100%
山东省 泰安市 东平县
100%
河南省 驻马店市 西平县
100%
广西壮族自治区 贵港市 平南县
100%
北京市 (直辖) 东城区
99%
北京市 (直辖) 西城区
99%
北京市 (直辖) 石景山区
99%
天津市 (直辖) 河东区
99%
天津市 (直辖) 河西区
99%
天津市 (直辖) 南开区
99%
天津市 (直辖) 东丽区
99%
天津市 (直辖) 西青区
99%
河北省 石家庄市 桥西区
99%
河北省 秦皇岛市 山海关区
99%
河北省 邢台市 新河县
99%
河北省 张家口市 桥东区
99%
河北省 张家口市 桥西区
99%
河北省 沧州市 东光县
99%
河北省 廊坊市 大城县
99%
河北省 廊坊市 三河市
99%
山西省 晋城市 阳城县
99%
内蒙古自治区 呼和浩特市 清水河县
99%
内蒙古自治区 包头市 东河区
99%
内蒙古自治区 包头市 青山区
99%
内蒙古自治区 乌海市 海勃湾区
99%
内蒙古自治区 乌海市 海南区
99%
内蒙古自治区 赤峰市 元宝山区
99%
内蒙古自治区 赤峰市 林西县
99%
内蒙古自治区 鄂尔多斯市 东胜区
99%
内蒙古自治区 兴安盟 阿尔山市
99%
内蒙古自治区 锡林郭勒盟 东乌珠穆沁旗
99%
内蒙古自治区 锡林郭勒盟 西乌珠穆沁旗
99%
辽宁省 沈阳市 大东区
99%
辽宁省 沈阳市 铁西区
99%
辽宁省 沈阳市 沈北新区
99%
辽宁省 大连市 西岗区
99%
辽宁省 大连市 沙河口区
99%
辽宁省 鞍山市 铁东区
99%
辽宁省 鞍山市 铁西区
99%
辽宁省 鞍山市 千山区
99%
辽宁省 鞍山市 海城市
99%
辽宁省 抚顺市 东洲区
99%
辽宁省 丹东市 东港市
99%
辽宁省 锦州市 黑山县
99%
辽宁省 营口市 西市区
99%
辽宁省 阜新市 清河门区
99%
吉林省 四平市 铁西区
99%
吉林省 四平市 铁东区
99%
吉林省 辽源市 龙山区
99%
吉林省 辽源市 西安区
99%
吉林省 辽源市 东丰县
99%
吉林省 辽源市 东辽县
99%
吉林省 通化市 东昌区
99%
吉林省 通化市 梅河口市
99%
黑龙江省 哈尔滨市 南岗区
99%
黑龙江省 齐齐哈尔市 克东县
99%
黑龙江省 鸡西市 城子河区
99%
黑龙江省 鸡西市 鸡东县
99%
黑龙江省 鹤岗市 南山区
99%
黑龙江省 鹤岗市 东山区
99%
黑龙江省 双鸭山市 岭东区
99%
黑龙江省 双鸭山市 宝山区
99%
黑龙江省 佳木斯市 东风区
99%
黑龙江省 牡丹江市 东安区
99%
黑龙江省 牡丹江市 西安区
99%
黑龙江省 牡丹江市 东宁市
99%
黑龙江省 绥化市 兰西县
99%
黑龙江省 绥化市 肇东市
99%
上海市 (直辖) 宝山区
99%
上海市 (直辖) 浦东新区
99%
江苏省 常州市 新北区
99%
江苏省 南通市 如东县
99%
江苏省 南通市 启东市
99%
江苏省 连云港市 东海县
99%
江苏省 盐城市 东台市
99%
浙江省 杭州市 西湖区
99%
浙江省 宁波市 江北区
99%
浙江省 温州市 平阳县
99%
浙江省 嘉兴市 平湖市
99%
浙江省 金华市 金东区
99%
浙江省 金华市 东阳市
99%
浙江省 衢州市 江山市
99%
安徽省 合肥市 肥东县
99%
安徽省 马鞍山市 花山区
99%
安徽省 阜阳市 颍东区
99%
安徽省 池州市 东至县
99%
福建省 漳州市 东山县
99%
福建省 南平市 武夷山市
99%
江西省 南昌市 东湖区
99%
江西省 南昌市 西湖区
99%
江西省 南昌市 青山湖区
99%
江西省 萍乡市 湘东区
99%
江西省 抚州市 东乡区
99%
山东省 济南市 平阴县
99%
山东省 青岛市 市北区
99%
山东省 青岛市 城阳区
99%
山东省 青岛市 莱西市
99%
山东省 东营市 东营区
99%
山东省 东营市 河口区
99%
山东省 烟台市 莱山区
99%
山东省 日照市 东港区
99%
山东省 临沂市 河东区
99%
山东省 聊城市 东昌府区
99%
山东省 聊城市 东阿县
99%
山东省 菏泽市 东明县
99%
河南省 平顶山市 卫东区
99%
河南省 鹤壁市 山城区
99%
河南省 濮阳市 南乐县
99%
河南省 周口市 西华县
99%
湖北省 武汉市 青山区
99%
湖北省 武汉市 东西湖区
99%
湖北省 黄石市 西塞山区
99%
湖北省 宜昌市 西陵区
99%
湖北省 襄阳市 老河口市
99%
湖北省 荆门市 东宝区
99%
湖北省 咸宁市 通山县
99%
湖北省 恩施土家族苗族自治州 巴东县
99%
湖南省 衡阳市 衡东县
99%
湖南省 衡阳市 祁东县
99%
湖南省 邵阳市 邵东市
99%
湖南省 郴州市 桂东县
99%
湖南省 永州市 东安县
99%
湖南省 湘西土家族苗族自治州 龙山县
99%
广东省 深圳市 南山区
99%
广东省 汕头市 金平区
99%
广东省 佛山市 南海区
99%
广东省 惠州市 惠东县
99%
广东省 河源市 东源县
99%
广东省 阳江市 阳东区
99%
广东省 阳江市 阳西县
99%
广东省 揭阳市 揭东区
99%
广西壮族自治区 南宁市 江南区
99%
广西壮族自治区 南宁市 西乡塘区
99%
广西壮族自治区 北海市 海城区
99%
广西壮族自治区 防城港市 东兴市
99%
广西壮族自治区 贵港市 港北区
99%
广西壮族自治区 贵港市 港南区
99%
广西壮族自治区 百色市 田东县
99%
广西壮族自治区 百色市 西林县
99%
广西壮族自治区 百色市 靖西市
99%
广西壮族自治区 河池市 南丹县
99%
广西壮族自治区 河池市 东兰县
99%
海南省 三沙市 西沙区
99%
海南省 (直辖) 五指山市
99%
海南省 (直辖) 东方市
99%
海南省 (直辖) 乐东黎族自治县
99%
重庆市 (直辖) 江北区
99%
重庆市 (直辖) 南川区
99%
四川省 攀枝花市 东区
99%
四川省 绵阳市 北川羌族自治县
99%
四川省 内江市 东兴区
99%
四川省 乐山市 金口河区
99%
四川省 眉山市 东坡区
99%
四川省 巴中市 南江县
99%
四川省 凉山彝族自治州 西昌市
99%
四川省 凉山彝族自治州 会东县
99%
四川省 凉山彝族自治州 宁南县
99%
贵州省 贵阳市 南明区
99%
贵州省 贵阳市 观山湖区
99%
贵州省 黔东南苗族侗族自治州 黄平县
99%
云南省 昆明市 西山区
99%
云南省 昆明市 东川区
99%
云南省 普洱市 景东彝族自治县
99%
云南省 红河哈尼族彝族自治州 金平苗族瑶族傣族自治县
99%
云南省 红河哈尼族彝族自治州 河口瑶族自治县
99%
云南省 文山壮族苗族自治州 丘北县
99%
西藏自治区 日喀则市 南木林县
99%
西藏自治区 日喀则市 亚东县
99%
西藏自治区 山南市 乃东区
99%
陕西省 汉中市 西乡县
99%
甘肃省 兰州市 七里河区
99%
甘肃省 天水市 武山县
99%
甘肃省 庆阳市 西峰区
99%
甘肃省 陇南市 西和县
99%
甘肃省 临夏回族自治州 东乡族自治县
99%
甘肃省 临夏回族自治州 积石山保安族东乡族撒拉族自治县
99%
甘肃省 甘南藏族自治州 夏河县
99%
青海省 西宁市 城东区
99%
青海省 西宁市 城西区
99%
新疆维吾尔自治区 乌鲁木齐市 天山区
99%
新疆维吾尔自治区 乌鲁木齐市 米东区
99%
新疆维吾尔自治区 博尔塔拉蒙古自治州 阿拉山口市
99%
新疆维吾尔自治区 (直辖) 石河子市
99%
北京市 (直辖) 海淀区
98%
北京市 (直辖) 房山区
98%
天津市 (直辖) 河北区
98%
天津市 (直辖) 津南区
98%
天津市 (直辖) 北辰区
98%
天津市 (直辖) 滨海新区
98%
天津市 (直辖) 宁河区
98%
天津市 (直辖) 静海区
98%
河北省 唐山市 路北区
98%
河北省 唐山市 丰南区
98%
河北省 唐山市 迁西县
98%
河北省 秦皇岛市 海港区
98%
河北省 秦皇岛市 北戴河区
98%
河北省 邯郸市 邯山区
98%
河北省 邢台市 南和区
98%
河北省 邢台市 清河县
98%
河北省 邢台市 临西县
98%
河北省 保定市 安新县
98%
河北省 张家口市 张北县
98%
河北省 沧州市 海兴县
98%
河北省 沧州市 南皮县
98%
河北省 衡水市 安平县
98%
山西省 朔州市 山阴县
98%
山西省 运城市 河津市
98%
山西省 临汾市 汾西县
98%
内蒙古自治区 呼和浩特市 新城区
98%
内蒙古自治区 包头市 达尔罕茂明安联合旗
98%
内蒙古自治区 赤峰市 红山区
98%
内蒙古自治区 赤峰市 松山区
98%
内蒙古自治区 呼伦贝尔市 海拉尔区
98%
内蒙古自治区 巴彦淖尔市 临河区
98%
辽宁省 大连市 中山区
98%
辽宁省 大连市 长海县
98%
辽宁省 本溪市 明山区
98%
辽宁省 锦州市 凌海市
98%
辽宁省 锦州市 北镇市
98%
辽宁省 阜新市 海州区
98%
辽宁省 辽阳市 太子河区
98%
辽宁省 铁岭市 清河区
98%
辽宁省 铁岭市 西丰县
98%
辽宁省 朝阳市 北票市
98%
吉林省 长春市 南关区
98%
吉林省 通化市 辉南县
98%
吉林省 白城市 洮北区
98%
黑龙江省 哈尔滨市 松北区
98%
黑龙江省 哈尔滨市 通河县
98%
黑龙江省 齐齐哈尔市 碾子山区
98%
黑龙江省 鸡西市 密山市
98%
黑龙江省 鹤岗市 兴山区
98%
黑龙江省 鹤岗市 萝北县
98%
黑龙江省 伊春市 大箐山县
98%
黑龙江省 七台河市 茄子河区
98%
黑龙江省 牡丹江市 海林市
98%
黑龙江省 黑河市 北安市
98%
黑龙江省 绥化市 北林区
98%
黑龙江省 绥化市 海伦市
98%
上海市 (直辖) 金山区
98%
江苏省 无锡市 锡山区
98%
江苏省 无锡市 惠山区
98%
江苏省 徐州市 铜山区
98%
江苏省 南通市 海门区
98%
江苏省 南通市 海安市
98%
江苏省 连云港市 海州区
98%
江苏省 盐城市 大丰区
98%
江苏省 盐城市 滨海县
98%
江苏省 泰州市 海陵区
98%
浙江省 宁波市 海曙区
98%
浙江省 宁波市 北仑区
98%
浙江省 宁波市 镇海区
98%
浙江省 宁波市 宁海县
98%
浙江省 温州市 瓯海区
98%
浙江省 嘉兴市 南湖区
98%
浙江省 嘉兴市 海盐县
98%
浙江省 嘉兴市 海宁市
98%
浙江省 舟山市 定海区
98%
浙江省 台州市 临海市
98%
安徽省 合肥市 瑶海区
98%
安徽省 合肥市 蜀山区
98%
安徽省 合肥市 肥西县
98%
安徽省 芜湖市 南陵县
98%
安徽省 蚌埠市 五河县
98%
安徽省 淮南市 八公山区
98%
安徽省 马鞍山市 雨山区
98%
安徽省 安庆市 岳西县
98%
安徽省 黄山市 黄山区
98%
安徽省 池州市 青阳县
98%
福建省 厦门市 海沧区
98%
福建省 三明市 大田县
98%
福建省 泉州市 南安市
98%
福建省 漳州市 龙海区
98%
江西省 南昌市 南昌县
98%
江西省 九江市 湖口县
98%
江西省 赣州市 南康区
98%
江西省 赣州市 定南县
98%
江西省 赣州市 龙南市
98%
江西省 宜春市 丰城市
98%
江西省 抚州市 南城县
98%
江西省 抚州市 南丰县
98%
江西省 上饶市 玉山县
98%
山东省 济南市 市中区
98%
山东省 济南市 济阳区
98%
山东省 济南市 商河县
98%
山东省 青岛市 市南区
98%
山东省 青岛市 崂山区
98%
山东省 枣庄市 市中区
98%
山东省 烟台市 莱阳市
98%
山东省 烟台市 海阳市
98%
山东省 日照市 岚山区
98%
山东省 临沂市 兰山区
98%
河南省 洛阳市 西工区
98%
河南省 洛阳市 涧西区
98%
河南省 洛阳市 新安县
98%
河南省 平顶山市 鲁山县
98%
河南省 安阳市 北关区
98%
河南省 安阳市 安阳县
98%
河南省 焦作市 山阳区
98%
河南省 南阳市 西峡县
98%
河南省 南阳市 唐河县
98%
河南省 驻马店市 汝南县
98%
湖北省 武汉市 汉南区
98%
湖北省 黄石市 铁山区
98%
湖北省 十堰市 郧西县
98%
湖北省 宜昌市 兴山县
98%
湖南省 衡阳市 南岳区
98%
湖南省 邵阳市 北塔区
98%
湖南省 岳阳市 平江县
98%
湖南省 郴州市 北湖区
98%
湖南省 永州市 蓝山县
98%
广东省 广州市 海珠区
98%
广东省 广州市 天河区
98%
广东省 广州市 南沙区
98%
广东省 汕头市 澄海区
98%
广东省 江门市 江海区
98%
广东省 江门市 台山市
98%
广东省 汕尾市 海丰县
98%
广东省 清远市 阳山县
98%
广东省 揭阳市 揭西县
98%
广西壮族自治区 南宁市 马山县
98%
广西壮族自治区 柳州市 城中区
98%
广西壮族自治区 柳州市 柳北区
98%
广西壮族自治区 北海市 银海区
98%
广西壮族自治区 北海市 铁山港区
98%
广西壮族自治区 钦州市 钦北区
98%
广西壮族自治区 钦州市 浦北县
98%
广西壮族自治区 玉林市 北流市
98%
广西壮族自治区 河池市 凤山县
98%
广西壮族自治区 来宾市 合山市
98%
海南省 三亚市 海棠区
98%
海南省 三沙市 南沙区
98%
海南省 (直辖) 琼海市
98%
重庆市 (直辖) 南岸区
98%
重庆市 (直辖) 北碚区
98%
重庆市 (直辖) 渝北区
98%
重庆市 (直辖) 巴南区
98%
重庆市 (直辖) 城口县
98%
重庆市 (直辖) 巫山县
98%
四川省 攀枝花市 西区
98%
四川省 泸州市 江阳区
98%
四川省 绵阳市 安州区
98%
四川省 内江市 市中区
98%
四川省 乐山市 市中区
98%
四川省 南充市 西充县
98%
四川省 宜宾市 南溪区
98%
四川省 阿坝藏族羌族自治州 黑水县
98%
四川省 凉山彝族自治州 越西县
98%
贵州省 六盘水市 水城区
98%
贵州省 安顺市 西秀区
98%
贵州省 毕节市 黔西市
98%
贵州省 铜仁市 万山区
98%
贵州省 铜仁市 思南县
98%
贵州省 黔东南苗族侗族自治州 雷山县
98%
云南省 玉溪市 通海县
98%
云南省 玉溪市 新平彝族傣族自治县
98%
云南省 普洱市 西盟佤族自治县
98%
云南省 楚雄彝族自治州 南华县
98%
云南省 红河哈尼族彝族自治州 泸西县
98%
云南省 文山壮族苗族自治州 文山市
98%
云南省 文山壮族苗族自治州 西畴县
98%
云南省 文山壮族苗族自治州 广南县
98%
云南省 西双版纳傣族自治州 勐海县
98%
云南省 迪庆藏族自治州 维西傈僳族自治县
98%
陕西省 西安市 新城区
98%
陕西省 汉中市 南郑区
98%
陕西省 安康市 平利县
98%
陕西省 安康市 白河县
98%
陕西省 商洛市 商南县
98%
陕西省 商洛市 山阳县
98%
甘肃省 兰州市 西固区
98%
甘肃省 酒泉市 肃北蒙古族自治县
98%
甘肃省 定西市 陇西县
98%
青海省 西宁市 城中区
98%
青海省 西宁市 城北区
98%
青海省 海东市 平安区
98%
青海省 海北藏族自治州 海晏县
98%
青海省 黄南藏族自治州 河南蒙古族自治县
98%
青海省 海南藏族自治州 兴海县
98%
青海省 海南藏族自治州 贵南县
98%
宁夏回族自治区 银川市 西夏区
98%
宁夏回族自治区 石嘴山市 大武口区
98%
宁夏回族自治区 固原市 西吉县
98%
宁夏回族自治区 中卫市 海原县
98%
新疆维吾尔自治区 乌鲁木齐市 头屯河区
98%
新疆维吾尔自治区 克拉玛依市 独山子区
98%
新疆维吾尔自治区 阿勒泰地区 福海县
98%
新疆维吾尔自治区 (直辖) 北屯市
98%
北京市 (直辖) 朝阳区
96%
北京市 (直辖) 昌平区
96%
天津市 (直辖) 和平区
96%
河北省 唐山市 路南区
96%
河北省 唐山市 滦南县
96%
河北省 邢台市 平乡县
96%
河北省 邢台市 南宫市
96%
河北省 邢台市 沙河市
96%
河北省 保定市 高阳县
96%
河北省 张家口市 阳原县
96%
河北省 沧州市 盐山县
96%
河北省 廊坊市 香河县
96%
山西省 大同市 阳高县
96%
山西省 运城市 稷山县
96%
山西省 忻州市 河曲县
96%
山西省 临汾市 浮山县
96%
山西省 临汾市 大宁县
96%
山西省 吕梁市 方山县
96%
山西省 吕梁市 中阳县
96%
内蒙古自治区 赤峰市 宁城县
96%
内蒙古自治区 巴彦淖尔市 乌拉特中旗
96%
辽宁省 沈阳市 和平区
96%
辽宁省 沈阳市 浑南区
96%
辽宁省 沈阳市 康平县
96%
辽宁省 鞍山市 立山区
96%
辽宁省 本溪市 南芬区
96%
辽宁省 营口市 大石桥市
96%
辽宁省 辽阳市 辽阳县
96%
辽宁省 盘锦市 盘山县
96%
辽宁省 铁岭市 银州区
96%
辽宁省 铁岭市 调兵山市
96%
辽宁省 朝阳市 朝阳县
96%
辽宁省 朝阳市 建平县
96%
辽宁省 葫芦岛市 连山区
96%
辽宁省 葫芦岛市 南票区
96%
辽宁省 葫芦岛市 兴城市
96%
吉林省 长春市 朝阳区
96%
吉林省 长春市 双阳区
96%
吉林省 白城市 洮南市
96%
吉林省 白城市 大安市
96%
黑龙江省 齐齐哈尔市 甘南县
96%
黑龙江省 齐齐哈尔市 克山县
96%
黑龙江省 鸡西市 恒山区
96%
黑龙江省 鸡西市 麻山区
96%
黑龙江省 双鸭山市 尖山区
96%
黑龙江省 伊春市 南岔县
96%
黑龙江省 佳木斯市 桦南县
96%
黑龙江省 七台河市 桃山区
96%
黑龙江省 黑河市 五大连池市
96%
江苏省 徐州市 泉山区
96%
江苏省 苏州市 昆山市
96%
江苏省 连云港市 灌南县
96%
浙江省 杭州市 上城区
96%
浙江省 杭州市 萧山区
96%
浙江省 杭州市 富阳区
96%
浙江省 宁波市 象山县
96%
浙江省 温州市 苍南县
96%
浙江省 湖州市 南浔区
96%
浙江省 衢州市 常山县
96%
浙江省 舟山市 岱山县
96%
浙江省 台州市 三门县
96%
安徽省 合肥市 包河区
96%
安徽省 蚌埠市 龙子湖区
96%
安徽省 蚌埠市 蚌山区
96%
安徽省 马鞍山市 含山县
96%
安徽省 淮北市 相山区
96%
安徽省 淮北市 烈山区
96%
安徽省 安庆市 潜山市
96%
安徽省 滁州市 南谯区
96%
安徽省 阜阳市 阜南县
96%
安徽省 宿州市 砀山县
96%
安徽省 六安市 霍山县
96%
福建省 福州市 仓山区
96%
福建省 漳州市 南靖县
96%
福建省 漳州市 平和县
96%
福建省 龙岩市 武平县
96%
福建省 宁德市 屏南县
96%
江西省 南昌市 青云谱区
96%
江西省 景德镇市 珠山区
96%
江西省 景德镇市 乐平市
96%
江西省 九江市 共青城市
96%
江西省 九江市 庐山市
96%
江西省 赣州市 全南县
96%
江西省 吉安市 井冈山市
96%
江西省 上饶市 铅山县
96%
山东省 淄博市 博山区
96%
山东省 枣庄市 山亭区
96%
山东省 烟台市 福山区
96%
山东省 烟台市 龙口市
96%
山东省 济宁市 微山县
96%
山东省 济宁市 梁山县
96%
山东省 泰安市 泰山区
96%
山东省 威海市 乳山市
96%
山东省 临沂市 沂南县
96%
山东省 临沂市 莒南县
96%
山东省 德州市 武城县
96%
河南省 郑州市 金水区
96%
河南省 开封市 顺河回族区
96%
河南省 洛阳市 宜阳县
96%
河南省 鹤壁市 鹤山区
96%
河南省 新乡市 原阳县
96%
河南省 南阳市 南召县
96%
河南省 信阳市 平桥区
96%
河南省 信阳市 罗山县
96%
河南省 信阳市 光山县
96%
河南省 驻马店市 正阳县
96%
河南省 驻马店市 确山县
96%
湖北省 武汉市 洪山区
96%
湖北省 黄石市 黄石港区
96%
湖北省 黄石市 阳新县
96%
湖北省 十堰市 竹山县
96%
湖北省 十堰市 丹江口市
96%
湖北省 宜昌市 长阳土家族自治县
96%
湖北省 襄阳市 南漳县
96%
湖北省 鄂州市 梁子湖区
96%
湖北省 荆门市 京山市
96%
湖北省 孝感市 孝南区
96%
湖北省 黄冈市 英山县
96%
湖南省 湘潭市 韶山市
96%
湖南省 衡阳市 衡南县
96%
湖南省 衡阳市 衡山县
96%
湖南省 岳阳市 君山区
96%
湖南省 益阳市 赫山区
96%
湖南省 益阳市 南县
96%
湖南省 娄底市 冷水江市
96%
广东省 韶关市 南雄市
96%
广东省 深圳市 坪山区
96%
广东省 汕头市 潮南区
96%
广东省 汕头市 南澳县
96%
广东省 江门市 鹤山市
96%
广东省 江门市 恩平市
96%
广东省 湛江市 霞山区
96%
广东省 茂名市 茂南区
96%
广东省 梅州市 平远县
96%
广东省 河源市 和平县
96%
广东省 阳江市 江城区
96%
广东省 清远市 连山壮族瑶族自治县
96%
广东省 清远市 连南瑶族自治县
96%
广东省 云浮市 云城区
96%
广东省 云浮市 云安区
96%
广东省 云浮市 郁南县
96%
广西壮族自治区 柳州市 柳南区
96%
广西壮族自治区 桂林市 象山区
96%
广西壮族自治区 桂林市 雁山区
96%
广西壮族自治区 桂林市 平乐县
96%
广西壮族自治区 梧州市 蒙山县
96%
广西壮族自治区 钦州市 钦南区
96%
广西壮族自治区 钦州市 灵山县
96%
广西壮族自治区 百色市 田阳区
96%
广西壮族自治区 贺州市 钟山县
96%
广西壮族自治区 河池市 金城江区
96%
广西壮族自治区 河池市 大化瑶族自治县
96%
广西壮族自治区 崇左市 江州区
96%
广西壮族自治区 崇左市 龙州县
96%
广西壮族自治区 崇左市 大新县
96%
海南省 海口市 琼山区
96%
重庆市 (直辖) 大渡口区
96%
重庆市 (直辖) 璧山区
96%
重庆市 (直辖) 潼南区
96%
重庆市 (直辖) 梁平区
96%
重庆市 (直辖) 秀山土家族苗族自治县
96%
四川省 成都市 青白江区
96%
四川省 自贡市 大安区
96%
四川省 绵阳市 平武县
96%
四川省 遂宁市 船山区
96%
四川省 乐山市 峨眉山市
96%
四川省 南充市 南部县
96%
四川省 南充市 营山县
96%
四川省 眉山市 彭山区
96%
四川省 宜宾市 屏山县
96%
四川省 雅安市 名山区
96%
四川省 雅安市 芦山县
96%
四川省 巴中市 平昌县
96%
四川省 凉山彝族自治州 金阳县
96%
贵州省 六盘水市 钟山区
96%
贵州省 黔南布依族苗族自治州 独山县
96%
云南省 曲靖市 罗平县
96%
云南省 玉溪市 峨山彝族自治县
96%
云南省 普洱市 江城哈尼族彝族自治县
96%
云南省 红河哈尼族彝族自治州 元阳县
96%
云南省 文山壮族苗族自治州 砚山县
96%
云南省 大理白族自治州 南涧彝族自治县
96%
云南省 大理白族自治州 巍山彝族回族自治县
96%
云南省 大理白族自治州 永平县
96%
云南省 怒江傈僳族自治州 贡山独龙族怒族自治县
96%
西藏自治区 那曲市 双湖县
96%
陕西省 宝鸡市 岐山县
96%
陕西省 宝鸡市 千阳县
96%
陕西省 渭南市 富平县
96%
陕西省 榆林市 横山区
96%
陕西省 商洛市 洛南县
96%
甘肃省 白银市 平川区
96%
甘肃省 天水市 秦安县
96%
甘肃省 张掖市 肃南裕固族自治县
96%
甘肃省 张掖市 山丹县
96%
甘肃省 临夏回族自治州 广河县
96%
宁夏回族自治区 石嘴山市 平罗县
96%
新疆维吾尔自治区 喀什地区 岳普湖县
96%
新疆维吾尔自治区 和田地区 皮山县
96%
新疆维吾尔自治区 阿勒泰地区 哈巴河县
96%
新疆维吾尔自治区 阿勒泰地区 青河县
96%
新疆维吾尔自治区 (直辖) 双河市
96%
北京市 (直辖) 通州区
95%
北京市 (直辖) 大兴区
95%
北京市 (直辖) 平谷区
95%
河北省 石家庄市 长安区
95%
河北省 唐山市 开平区
95%
河北省 唐山市 迁安市
95%
河北省 邯郸市 成安县
95%
河北省 邯郸市 广平县
95%
河北省 邯郸市 武安市
95%
河北省 邢台市 临城县
95%
河北省 保定市 阜平县
95%
河北省 保定市 曲阳县
95%
河北省 保定市 顺平县
95%
河北省 保定市 定州市
95%
河北省 保定市 安国市
95%
河北省 张家口市 怀安县
95%
河北省 承德市 滦平县
95%
河北省 承德市 丰宁满族自治县
95%
河北省 承德市 平泉市
95%
河北省 沧州市 运河区
95%
河北省 沧州市 河间市
95%
河北省 廊坊市 固安县
95%
山西省 太原市 阳曲县
95%
山西省 阳泉市 平定县
95%
山西省 长治市 平顺县
95%
山西省 晋城市 高平市
95%
山西省 朔州市 平鲁区
95%
山西省 晋中市 平遥县
95%
山西省 运城市 平陆县
95%
山西省 忻州市 原平市
95%
山西省 临汾市 安泽县
95%
内蒙古自治区 呼和浩特市 武川县
95%
内蒙古自治区 呼伦贝尔市 新巴尔虎左旗
95%
内蒙古自治区 呼伦贝尔市 新巴尔虎右旗
95%
辽宁省 沈阳市 沈河区
95%
辽宁省 沈阳市 新民市
95%
辽宁省 大连市 金州区
95%
辽宁省 大连市 庄河市
95%
辽宁省 鞍山市 台安县
95%
辽宁省 丹东市 凤城市
95%
辽宁省 阜新市 太平区
95%
辽宁省 朝阳市 龙城区
95%
吉林省 通化市 二道江区
95%
吉林省 通化市 柳河县
95%
黑龙江省 哈尔滨市 平房区
95%
黑龙江省 哈尔滨市 双城区
95%
黑龙江省 鹤岗市 兴安区
95%
黑龙江省 牡丹江市 宁安市
95%
黑龙江省 绥化市 庆安县
95%
黑龙江省 大兴安岭地区 漠河市
95%
黑龙江省 大兴安岭地区 塔河县
95%
江苏省 无锡市 滨湖区
95%
江苏省 苏州市 吴中区
95%
江苏省 南通市 通州区
95%
江苏省 淮安市 淮安区
95%
江苏省 淮安市 清江浦区
95%
江苏省 淮安市 金湖县
95%
江苏省 盐城市 亭湖区
95%
江苏省 盐城市 建湖县
95%
江苏省 镇江市 丹阳市
95%
浙江省 杭州市 临平区
95%
浙江省 丽水市 松阳县
95%
安徽省 淮南市 大通区
95%
安徽省 铜陵市 义安区
95%
安徽省 安庆市 太湖县
95%
安徽省 六安市 金安区
95%
福建省 福州市 晋安区
95%
福建省 福州市 平潭县
95%
福建省 厦门市 湖里区
95%
福建省 厦门市 同安区
95%
福建省 泉州市 安溪县
95%
福建省 南平市 延平区
95%
福建省 南平市 建阳区
95%
福建省 龙岩市 漳平市
95%
江西省 南昌市 安义县
95%
江西省 鹰潭市 月湖区
95%
江西省 赣州市 大余县
95%
江西省 赣州市 石城县
95%
江西省 抚州市 乐安县
95%
山东省 青岛市 平度市
95%
山东省 烟台市 牟平区
95%
山东省 烟台市 莱州市
95%
山东省 潍坊市 青州市
95%
山东省 潍坊市 安丘市
95%
山东省 泰安市 宁阳县
95%
山东省 临沂市 平邑县
95%
山东省 德州市 齐河县
95%
山东省 德州市 平原县
95%
山东省 聊城市 茌平区
95%
山东省 滨州市 阳信县
95%
山东省 滨州市 邹平市
95%
河南省 郑州市 中原区
95%
河南省 安阳市 龙安区
95%
河南省 安阳市 林州市
95%
河南省 焦作市 沁阳市
95%
河南省 许昌市 建安区
95%
河南省 三门峡市 湖滨区
95%
河南省 南阳市 方城县
95%
河南省 南阳市 镇平县
95%
河南省 商丘市 永城市
95%
河南省 周口市 淮阳区
95%
河南省 驻马店市 平舆县
95%
河南省 驻马店市 遂平县
95%
湖北省 武汉市 汉阳区
95%
湖北省 荆州市 洪湖市
95%
湖北省 黄冈市 黄州区
95%
湖北省 黄冈市 红安县
95%
湖北省 咸宁市 通城县
95%
湖南省 岳阳市 岳阳楼区
95%
湖南省 岳阳市 岳阳县
95%
湖南省 益阳市 资阳区
95%
湖南省 永州市 新田县
95%
广东省 深圳市 罗湖区
95%
广东省 汕头市 龙湖区
95%
广东省 佛山市 三水区
95%
广东省 江门市 开平市
95%
广东省 茂名市 化州市
95%
广东省 惠州市 龙门县
95%
广东省 汕尾市 陆河县
95%
广东省 河源市 源城区
95%
广东省 河源市 连平县
95%
广东省 阳江市 阳春市
95%
广东省 清远市 清新区
95%
广东省 潮州市 饶平县
95%
广西壮族自治区 南宁市 隆安县
95%
广西壮族自治区 桂林市 兴安县
95%
广西壮族自治区 贵港市 桂平市
95%
广西壮族自治区 百色市 平果市
95%
广西壮族自治区 贺州市 平桂区
95%
广西壮族自治区 贺州市 昭平县
95%
海南省 三亚市 吉阳区
95%
重庆市 (直辖) 万州区
95%
四川省 德阳市 中江县
95%
四川省 广元市 青川县
95%
四川省 宜宾市 江安县
95%
四川省 广安市 广安区
95%
四川省 巴中市 巴州区
95%
四川省 阿坝藏族羌族自治州 金川县
95%
四川省 阿坝藏族羌族自治州 小金县
95%
贵州省 贵阳市 开阳县
95%
贵州省 安顺市 平坝区
95%
贵州省 铜仁市 江口县
95%
贵州省 黔西南布依族苗族自治州 安龙县
95%
贵州省 黔东南苗族侗族自治州 黎平县
95%
贵州省 黔南布依族苗族自治州 平塘县
95%
云南省 昆明市 安宁市
95%
云南省 玉溪市 江川区
95%
云南省 昭通市 昭阳区
95%
云南省 昭通市 大关县
95%
云南省 红河哈尼族彝族自治州 红河县
95%
云南省 德宏傣族景颇族自治州 梁河县
95%
西藏自治区 拉萨市 城关区
95%
西藏自治区 那曲市 巴青县
95%
陕西省 西安市 长安区
95%
陕西省 咸阳市 兴平市
95%
陕西省 渭南市 合阳县
95%
陕西省 渭南市 白水县
95%
陕西省 延安市 黄龙县
95%
陕西省 榆林市 榆阳区
95%
甘肃省 兰州市 城关区
95%
甘肃省 兰州市 安宁区
95%
甘肃省 金昌市 金川区
95%
甘肃省 天水市 秦州区
95%
甘肃省 天水市 清水县
95%
青海省 西宁市 大通回族土族自治县
95%
宁夏回族自治区 固原市 彭阳县
95%
新疆维吾尔自治区 乌鲁木齐市 新市区
95%
北京市 (直辖) 丰台区
94%
北京市 (直辖) 门头沟区
94%
天津市 (直辖) 蓟州区
94%
河北省 秦皇岛市 青龙满族自治县
94%
河北省 邯郸市 大名县
94%
河北省 保定市 徐水区
94%
河北省 保定市 容城县
94%
河北省 廊坊市 安次区
94%
河北省 廊坊市 广阳区
94%
河北省 廊坊市 文安县
94%
河北省 衡水市 饶阳县
94%
山西省 大同市 云州区
94%
山西省 长治市 长子县
94%
山西省 晋中市 昔阳县
94%
山西省 晋中市 寿阳县
94%
山西省 运城市 盐湖区
94%
山西省 吕梁市 汾阳市
94%
内蒙古自治区 包头市 白云鄂博矿区
94%
内蒙古自治区 包头市 固阳县
94%
内蒙古自治区 通辽市 科尔沁左翼中旗
94%
内蒙古自治区 呼伦贝尔市 根河市
94%
内蒙古自治区 乌兰察布市 察哈尔右翼中旗
94%
内蒙古自治区 兴安盟 科尔沁右翼中旗
94%
辽宁省 大连市 旅顺口区
94%
辽宁省 抚顺市 顺城区
94%
辽宁省 本溪市 溪湖区
94%
辽宁省 丹东市 振安区
94%
辽宁省 锦州市 凌河区
94%
辽宁省 阜新市 细河区
94%
吉林省 长春市 农安县
94%
吉林省 吉林市 蛟河市
94%
吉林省 通化市 集安市
94%
吉林省 松原市 乾安县
94%
吉林省 延边朝鲜族自治州 安图县
94%
黑龙江省 齐齐哈尔市 龙江县
94%
黑龙江省 齐齐哈尔市 依安县
94%
黑龙江省 齐齐哈尔市 讷河市
94%
黑龙江省 鹤岗市 向阳区
94%
黑龙江省 双鸭山市 饶河县
94%
黑龙江省 大庆市 大同区
94%
黑龙江省 伊春市 丰林县
94%
黑龙江省 佳木斯市 向阳区
94%
黑龙江省 牡丹江市 阳明区
94%
黑龙江省 牡丹江市 林口县
94%
黑龙江省 牡丹江市 绥芬河市
94%
黑龙江省 绥化市 安达市
94%
上海市 (直辖) 长宁区
94%
上海市 (直辖) 静安区
94%
江苏省 无锡市 江阴市
94%
江苏省 常州市 溧阳市
94%
江苏省 盐城市 射阳县
94%
江苏省 宿迁市 沭阳县
94%
江苏省 宿迁市 泗阳县
94%
浙江省 杭州市 临安区
94%
浙江省 杭州市 淳安县
94%
浙江省 温州市 瑞安市
94%
浙江省 湖州市 安吉县
94%
浙江省 绍兴市 新昌县
94%
浙江省 金华市 磐安县
94%
浙江省 丽水市 青田县
94%
安徽省 合肥市 庐阳区
94%
安徽省 合肥市 巢湖市
94%
安徽省 芜湖市 镜湖区
94%
安徽省 铜陵市 枞阳县
94%
安徽省 滁州市 来安县
94%
安徽省 滁州市 凤阳县
94%
安徽省 滁州市 天长市
94%
安徽省 六安市 裕安区
94%
安徽省 亳州市 涡阳县
94%
福建省 厦门市 翔安区
94%
福建省 三明市 永安市
94%
福建省 泉州市 惠安县
94%
福建省 漳州市 诏安县
94%
福建省 漳州市 华安县
94%
福建省 宁德市 福安市
94%
江西省 萍乡市 安源区
94%
江西省 九江市 浔阳区
94%
江西省 九江市 德安县
94%
江西省 赣州市 安远县
94%
江西省 吉安市 吉安县
94%
江西省 吉安市 万安县
94%
江西省 吉安市 安福县
94%
江西省 宜春市 靖安县
94%
江西省 宜春市 高安市
94%
江西省 上饶市 弋阳县
94%
江西省 上饶市 鄱阳县
94%
山东省 济南市 长清区
94%
山东省 泰安市 新泰市
94%
山东省 泰安市 肥城市
94%
山东省 德州市 德城区
94%
山东省 德州市 陵城区
94%
山东省 聊城市 阳谷县
94%
山东省 滨州市 滨城区
94%
河南省 郑州市 荥阳市
94%
河南省 洛阳市 瀍河回族区
94%
河南省 洛阳市 汝阳县
94%
河南省 平顶山市 湛河区
94%
河南省 濮阳市 清丰县
94%
河南省 濮阳市 濮阳县
94%
河南省 漯河市 舞阳县
94%
河南省 商丘市 睢阳区
94%
河南省 信阳市 浉河区
94%
河南省 信阳市 商城县
94%
河南省 驻马店市 泌阳县
94%
湖北省 武汉市 新洲区
94%
湖北省 十堰市 郧阳区
94%
湖北省 宜昌市 远安县
94%
湖北省 宜昌市 当阳市
94%
湖北省 襄阳市 谷城县
94%
湖北省 襄阳市 枣阳市
94%
湖北省 孝感市 安陆市
94%
湖北省 荆州市 公安县
94%
湖北省 咸宁市 咸安区
94%
湖北省 咸宁市 崇阳县
94%
湖南省 长沙市 浏阳市
94%
湖南省 湘潭市 雨湖区
94%
湖南省 衡阳市 衡阳县
94%
湖南省 衡阳市 耒阳市
94%
湖南省 邵阳市 邵阳县
94%
湖南省 邵阳市 新宁县
94%
湖南省 常德市 安乡县
94%
湖南省 益阳市 安化县
94%
湖南省 郴州市 桂阳县
94%
湖南省 郴州市 安仁县
94%
湖南省 永州市 祁阳市
94%
湖南省 怀化市 中方县
94%
湖南省 怀化市 麻阳苗族自治县
94%
湖南省 怀化市 靖州苗族侗族自治县
94%
湖南省 怀化市 洪江市
94%
广东省 韶关市 武江区
94%
广东省 韶关市 新丰县
94%
广东省 深圳市 宝安区
94%
广东省 汕头市 潮阳区
94%
广东省 湛江市 雷州市
94%
广东省 茂名市 高州市
94%
广东省 肇庆市 鼎湖区
94%
广东省 惠州市 惠阳区
94%
广东省 清远市 清城区
94%
广东省 潮州市 潮安区
94%
广西壮族自治区 南宁市 宾阳县
94%
广西壮族自治区 柳州市 融安县
94%
广西壮族自治区 桂林市 阳朔县
94%
广西壮族自治区 桂林市 灌阳县
94%
广西壮族自治区 玉林市 玉州区
94%
广西壮族自治区 河池市 宜州区
94%
广西壮族自治区 河池市 都安瑶族自治县
94%
海南省 (直辖) 定安县
94%
海南省 (直辖) 陵水黎族自治县
94%
重庆市 (直辖) 云阳县
94%
重庆市 (直辖) 酉阳土家族苗族自治县
94%
四川省 成都市 简阳市
94%
四川省 德阳市 旌阳区
94%
四川省 遂宁市 安居区
94%
四川省 内江市 资中县
94%
四川省 南充市 蓬安县
94%
四川省 宜宾市 长宁县
94%
四川省 达州市 大竹县
94%
四川省 巴中市 恩阳区
94%
四川省 资阳市 安岳县
94%
四川省 甘孜藏族自治州 新龙县
94%
四川省 甘孜藏族自治州 乡城县
94%
贵州省 遵义市 红花岗区
94%
贵州省 遵义市 绥阳县
94%
贵州省 遵义市 正安县
94%
贵州省 铜仁市 沿河土家族自治县
94%
贵州省 黔西南布依族苗族自治州 普安县
94%
贵州省 黔东南苗族侗族自治州 剑河县
94%
贵州省 黔南布依族苗族自治州 瓮安县
94%
云南省 保山市 隆阳区
94%
云南省 丽江市 古城区
94%
云南省 楚雄彝族自治州 姚安县
94%
云南省 红河哈尼族彝族自治州 建水县
94%
西藏自治区 那曲市 安多县
94%
陕西省 西安市 莲湖区
94%
陕西省 咸阳市 泾阳县
94%
陕西省 渭南市 华州区
94%
陕西省 延安市 安塞区
94%
陕西省 延安市 子长市
94%
陕西省 汉中市 城固县
94%
陕西省 汉中市 略阳县
94%
陕西省 安康市 紫阳县
94%
陕西省 安康市 旬阳市
94%
陕西省 商洛市 商州区
94%
陕西省 商洛市 镇安县
94%
甘肃省 天水市 张家川回族自治县
94%
甘肃省 酒泉市 玉门市
94%
甘肃省 庆阳市 庆城县
94%
甘肃省 庆阳市 合水县
94%
甘肃省 定西市 安定区
94%
宁夏回族自治区 固原市 原州区
94%
宁夏回族自治区 中卫市 中宁县
94%
新疆维吾尔自治区 乌鲁木齐市 达坂城区
94%
新疆维吾尔自治区 博尔塔拉蒙古自治州 精河县
94%
新疆维吾尔自治区 巴音郭楞蒙古自治州 博湖县
94%
新疆维吾尔自治区 和田地区 和安县
94%
新疆维吾尔自治区 塔城地区 塔城市
94%
新疆维吾尔自治区 (直辖) 铁门关市
94%
新疆维吾尔自治区 (直辖) 胡杨河市
94%
天津市 (直辖) 武清区
93%
河北省 石家庄市 新华区
93%
河北省 石家庄市 晋州市
93%
河北省 石家庄市 新乐市
93%
河北省 唐山市 滦州市
93%
河北省 保定市 满城区
93%
河北省 保定市 涿州市
93%
河北省 张家口市 赤城县
93%
河北省 沧州市 新华区
93%
河北省 廊坊市 大厂回族自治县
93%
河北省 廊坊市 霸州市
93%
河北省 衡水市 桃城区
93%
河北省 衡水市 冀州区
93%
河北省 衡水市 阜城县
93%
河北省 衡水市 深州市
93%
山西省 大同市 新荣区
93%
山西省 长治市 潞州区
93%
山西省 晋城市 泽州县
93%
山西省 忻州市 宁武县
93%
山西省 临汾市 霍州市
93%
山西省 吕梁市 文水县
93%
山西省 吕梁市 交城县
93%
内蒙古自治区 呼和浩特市 和林格尔县
93%
内蒙古自治区 乌兰察布市 凉城县
93%
辽宁省 沈阳市 辽中区
93%
辽宁省 抚顺市 新宾满族自治县
93%
辽宁省 营口市 盖州市
93%
辽宁省 阜新市 新邱区
93%
辽宁省 盘锦市 双台子区
93%
吉林省 白山市 江源区
93%
吉林省 白山市 临江市
93%
吉林省 松原市 宁江区
93%
黑龙江省 哈尔滨市 阿城区
93%
黑龙江省 双鸭山市 四方台区
93%
黑龙江省 大庆市 肇州县
93%
黑龙江省 七台河市 新兴区
93%
黑龙江省 绥化市 明水县
93%
上海市 (直辖) 黄浦区
93%
江苏省 南京市 江宁区
93%
江苏省 南京市 溧水区
93%
江苏省 无锡市 新吴区
93%
江苏省 徐州市 云龙区
93%
江苏省 徐州市 邳州市
93%
江苏省 常州市 天宁区
93%
江苏省 苏州市 吴江区
93%
江苏省 镇江市 润州区
93%
浙江省 宁波市 鄞州区
93%
浙江省 绍兴市 嵊州市
93%
安徽省 合肥市 长丰县
93%
安徽省 安庆市 怀宁县
93%
安徽省 黄山市 徽州区
93%
安徽省 阜阳市 颍州区
93%
安徽省 亳州市 蒙城县
93%
安徽省 宣城市 宣州区
93%
福建省 福州市 台江区
93%
福建省 三明市 三元区
93%
福建省 南平市 浦城县
93%
福建省 龙岩市 新罗区
93%
福建省 龙岩市 连城县
93%
江西省 南昌市 新建区
93%
江西省 景德镇市 昌江区
93%
江西省 九江市 武宁县
93%
江西省 吉安市 吉州区
93%
江西省 吉安市 吉水县
93%
江西省 宜春市 袁州区
93%
江西省 上饶市 信州区
93%
山东省 青岛市 黄岛区
93%
山东省 青岛市 胶州市
93%
山东省 枣庄市 滕州市
93%
山东省 济宁市 任城区
93%
山东省 济宁市 兖州区
93%
河南省 洛阳市 老城区
93%
河南省 平顶山市 新华区
93%
河南省 平顶山市 宝丰县
93%
河南省 平顶山市 汝州市
93%
河南省 焦作市 孟州市
93%
河南省 许昌市 禹州市
93%
河南省 三门峡市 陕州区
93%
河南省 南阳市 邓州市
93%
河南省 周口市 商水县
93%
湖北省 武汉市 江夏区
93%
湖北省 襄阳市 襄州区
93%
湖北省 襄阳市 宜城市
93%
湖北省 荆州市 荆州区
93%
湖北省 荆州市 江陵县
93%
湖南省 长沙市 望城区
93%
湖南省 怀化市 鹤城区
93%
湖南省 娄底市 新化县
93%
广东省 广州市 白云区
93%
广东省 江门市 新会区
93%
广东省 湛江市 吴川市
93%
广东省 肇庆市 端州区
93%
广东省 惠州市 惠城区
93%
广东省 清远市 连州市
93%
广东省 云浮市 新兴县
93%
广西壮族自治区 南宁市 横州市
93%
广西壮族自治区 柳州市 三江侗族自治县
93%
广西壮族自治区 桂林市 全州县
93%
广西壮族自治区 百色市 右江区
93%
广西壮族自治区 来宾市 象州县
93%
海南省 三亚市 崖州区
93%
海南省 (直辖) 昌江黎族自治县
93%
海南省 (直辖) 琼中黎族苗族自治县
93%
重庆市 (直辖) 江津区
93%
重庆市 (直辖) 开州区
93%
四川省 成都市 新津区
93%
四川省 成都市 大邑县
93%
四川省 成都市 彭州市
93%
四川省 成都市 崇州市
93%
四川省 广元市 利州区
93%
四川省 宜宾市 叙州区
93%
四川省 达州市 开江县
93%
四川省 雅安市 雨城区
93%
四川省 巴中市 通江县
93%
贵州省 贵阳市 白云区
93%
贵州省 六盘水市 盘州市
93%
贵州省 遵义市 播州区
93%
贵州省 毕节市 大方县
93%
贵州省 毕节市 金沙县
93%
贵州省 铜仁市 德江县
93%
贵州省 黔东南苗族侗族自治州 台江县
93%
云南省 玉溪市 元江哈尼族彝族傣族自治县
93%
云南省 昭通市 水富市
93%
云南省 大理白族自治州 云龙县
93%
西藏自治区 拉萨市 堆龙德庆区
93%
陕西省 铜川市 耀州区
93%
陕西省 宝鸡市 金台区
93%
陕西省 咸阳市 彬州市
93%
甘肃省 武威市 凉州区
93%
甘肃省 张掖市 甘州区
93%
甘肃省 酒泉市 肃州区
93%
甘肃省 酒泉市 瓜州县
93%
新疆维吾尔自治区 乌鲁木齐市 水磨沟区
93%
新疆维吾尔自治区 哈密市 伊州区
93%
新疆维吾尔自治区 阿克苏地区 新和县
93%
新疆维吾尔自治区 伊犁哈萨克自治州 新源县
93%
新疆维吾尔自治区 (直辖) 新星市
93%
河北省 保定市 涞水县
91%
河北省 张家口市 下花园区
91%
河北省 衡水市 故城县
91%
山西省 晋城市 沁水县
91%
山西省 运城市 新绛县
91%
内蒙古自治区 赤峰市 巴林左旗
91%
内蒙古自治区 赤峰市 巴林右旗
91%
内蒙古自治区 乌兰察布市 四子王旗
91%
辽宁省 抚顺市 新抚区
91%
辽宁省 阜新市 阜新蒙古族自治县
91%
辽宁省 盘锦市 大洼区
91%
辽宁省 葫芦岛市 绥中县
91%
吉林省 白山市 长白朝鲜族自治县
91%
黑龙江省 伊春市 金林区
91%
上海市 (直辖) 青浦区
91%
江苏省 徐州市 新沂市
91%
江苏省 苏州市 相城区
91%
江苏省 淮安市 涟水县
91%
江苏省 盐城市 响水县
91%
江苏省 扬州市 江都区
91%
江苏省 镇江市 京口区
91%
江苏省 宿迁市 宿城区
91%
浙江省 金华市 婺城区
91%
安徽省 安庆市 大观区
91%
安徽省 安庆市 桐城市
91%
福建省 莆田市 荔城区
91%
福建省 三明市 建宁县
91%
福建省 泉州市 金门县
91%
福建省 泉州市 晋江市
91%
江西省 九江市 修水县
91%
江西省 九江市 都昌县
91%
江西省 新余市 渝水区
91%
江西省 吉安市 新干县
91%
江西省 吉安市 永新县
91%
江西省 宜春市 奉新县
91%
江西省 抚州市 广昌县
91%
江西省 上饶市 广丰区
91%
山东省 济南市 历城区
91%
山东省 济南市 钢城区
91%
山东省 淄博市 高青县
91%
山东省 济宁市 泗水县
91%
山东省 临沂市 沂水县
91%
河南省 郑州市 新密市
91%
河南省 郑州市 新郑市
91%
河南省 新乡市 新乡县
91%
河南省 许昌市 襄城县
91%
河南省 南阳市 宛城区
91%
河南省 南阳市 新野县
91%
河南省 信阳市 新县
91%
河南省 周口市 项城市
91%
河南省 驻马店市 新蔡县
91%
湖北省 武汉市 江汉区
91%
湖北省 黄石市 大冶市
91%
湖北省 襄阳市 襄城区
91%
湖北省 孝感市 大悟县
91%
湖北省 孝感市 应城市
91%
湖北省 黄冈市 浠水县
91%
湖北省 黄冈市 麻城市
91%
湖北省 随州市 广水市
91%
湖北省 (直辖) 天门市
91%
湖南省 邵阳市 大祥区
91%
湖南省 邵阳市 新邵县
91%
湖南省 常德市 石门县
91%
湖南省 益阳市 桃江县
91%
湖南省 永州市 冷水滩区
91%
湖南省 永州市 江华瑶族自治县
91%
湖南省 怀化市 新晃侗族自治县
91%
广东省 梅州市 梅江区
91%
广东省 梅州市 大埔县
91%
广东省 河源市 龙川县
91%
广西壮族自治区 南宁市 上林县
91%
广西壮族自治区 柳州市 柳江区
91%
广西壮族自治区 柳州市 柳城县
91%
广西壮族自治区 柳州市 融水苗族自治县
91%
广西壮族自治区 防城港市 港口区
91%
广西壮族自治区 河池市 罗城仫佬族自治县
91%
广西壮族自治区 来宾市 忻城县
91%
重庆市 (直辖) 九龙坡区
91%
重庆市 (直辖) 大足区
91%
重庆市 (直辖) 丰都县
91%
重庆市 (直辖) 彭水苗族土家族自治县
91%
四川省 成都市 新都区
91%
四川省 成都市 都江堰市
91%
四川省 绵阳市 三台县
91%
四川省 遂宁市 大英县
91%
四川省 乐山市 五通桥区
91%
四川省 广安市 邻水县
91%
四川省 甘孜藏族自治州 九龙县
91%
四川省 甘孜藏族自治州 白玉县
91%
四川省 凉山彝族自治州 木里藏族自治县
91%
贵州省 遵义市 习水县
91%
贵州省 遵义市 赤水市
91%
贵州省 黔南布依族苗族自治州 惠水县
91%
贵州省 黔南布依族苗族自治州 三都水族自治县
91%
云南省 保山市 昌宁县
91%
云南省 丽江市 玉龙纳西族自治县
91%
云南省 临沧市 双江拉祜族佤族布朗族傣族自治县
91%
云南省 楚雄彝族自治州 大姚县
91%
云南省 楚雄彝族自治州 武定县
91%
云南省 大理白族自治州 大理市
91%
云南省 怒江傈僳族自治州 泸水市
91%
西藏自治区 拉萨市 曲水县
91%
西藏自治区 林芝市 工布江达县
91%
陕西省 宝鸡市 太白县
91%
陕西省 咸阳市 渭城区
91%
陕西省 咸阳市 三原县
91%
陕西省 咸阳市 长武县
91%
陕西省 渭南市 大荔县
91%
陕西省 渭南市 韩城市
91%
陕西省 延安市 黄陵县
91%
陕西省 商洛市 柞水县
91%
宁夏回族自治区 吴忠市 青铜峡市
91%
新疆维吾尔自治区 喀什地区 叶城县
91%
新疆维吾尔自治区 和田地区 民丰县
91%
新疆维吾尔自治区 伊犁哈萨克自治州 霍城县
91%
新疆维吾尔自治区 塔城地区 和布克赛尔蒙古自治县
91%
河北省 石家庄市 藁城区
90%
河北省 石家庄市 栾城区
90%
河北省 承德市 宽城满族自治县
90%
山西省 阳泉市 城区
90%
山西省 长治市 潞城区
90%
山西省 长治市 黎城县
90%
山西省 晋城市 城区
90%
山西省 晋城市 陵川县
90%
山西省 朔州市 朔城区
90%
山西省 运城市 芮城县
90%
山西省 忻州市 五台县
90%
山西省 临汾市 翼城县
90%
吉林省 长春市 宽城区
90%
吉林省 延边朝鲜族自治州 和龙市
90%
黑龙江省 哈尔滨市 木兰县
90%
黑龙江省 哈尔滨市 五常市
90%
黑龙江省 齐齐哈尔市 龙沙区
90%
上海市 (直辖) 松江区
90%
江苏省 南京市 浦口区
90%
江苏省 南京市 雨花台区
90%
江苏省 南京市 六合区
90%
江苏省 镇江市 扬中市
90%
江苏省 泰州市 靖江市
90%
浙江省 杭州市 滨江区
90%
浙江省 温州市 鹿城区
90%
浙江省 温州市 乐清市
90%
浙江省 湖州市 长兴县
90%
浙江省 绍兴市 越城区
90%
浙江省 衢州市 柯城区
90%
浙江省 台州市 天台县
90%
安徽省 安庆市 望江县
90%
安徽省 六安市 舒城县
90%
安徽省 亳州市 谯城区
90%
福建省 福州市 长乐区
90%
福建省 福州市 连江县
90%
福建省 莆田市 城厢区
90%
福建省 三明市 泰宁县
90%
福建省 泉州市 鲤城区
90%
福建省 泉州市 洛江区
90%
福建省 漳州市 芗城区
90%
福建省 宁德市 蕉城区
90%
江西省 宜春市 宜丰县
90%
山东省 枣庄市 薛城区
90%
山东省 枣庄市 峄城区
90%
山东省 潍坊市 潍城区
90%
山东省 潍坊市 诸城市
90%
山东省 济宁市 邹城市
90%
山东省 临沂市 郯城县
90%
山东省 德州市 宁津县
90%
山东省 德州市 禹城市
90%
山东省 聊城市 临清市
90%
山东省 菏泽市 郓城县
90%
山东省 菏泽市 鄄城县
90%
河南省 郑州市 管城回族区
90%
河南省 郑州市 中牟县
90%
河南省 焦作市 中站区
90%
河南省 漯河市 郾城区
90%
河南省 商丘市 宁陵县
90%
河南省 商丘市 柘城县
90%
河南省 商丘市 虞城县
90%
河南省 周口市 郸城县
90%
河南省 驻马店市 驿城区
90%
湖北省 襄阳市 樊城区
90%
湖北省 鄂州市 鄂城区
90%
湖南省 株洲市 天元区
90%
湖南省 邵阳市 城步苗族自治县
90%
湖南省 常德市 鼎城区
90%
湖南省 郴州市 汝城县
90%
湖南省 永州市 江永县
90%
广东省 广州市 增城区
90%
广东省 韶关市 曲江区
90%
广东省 珠海市 金湾区
90%
广东省 佛山市 禅城区
90%
广东省 梅州市 丰顺县
90%
广东省 汕尾市 城区
90%
广东省 揭阳市 榕城区
90%
广西壮族自治区 桂林市 恭城瑶族自治县
90%
广西壮族自治区 防城港市 防城区
90%
重庆市 (直辖) 渝中区
90%
四川省 成都市 锦江区
90%
四川省 德阳市 罗江区
90%
四川省 绵阳市 涪城区
90%
四川省 南充市 阆中市
90%
四川省 达州市 达川区
90%
四川省 甘孜藏族自治州 稻城县
90%
贵州省 毕节市 七星关区
90%
贵州省 黔西南布依族苗族自治州 兴义市
90%
云南省 普洱市 墨江哈尼族自治县
90%
云南省 文山壮族苗族自治州 富宁县
90%
西藏自治区 日喀则市 谢通门县
90%
陕西省 渭南市 澄城县
90%
陕西省 渭南市 蒲城县
90%
甘肃省 兰州市 榆中县
90%
甘肃省 酒泉市 金塔县
90%
甘肃省 庆阳市 正宁县
90%
青海省 西宁市 湟中区
90%
新疆维吾尔自治区 乌鲁木齐市 乌鲁木齐县
90%
新疆维吾尔自治区 昌吉回族自治州 吉木萨尔县
90%
新疆维吾尔自治区 阿克苏地区 拜城县
90%
新疆维吾尔自治区 和田地区 和田市
90%
新疆维吾尔自治区 和田地区 和田县
90%
河北省 唐山市 玉田县
89%
山西省 太原市 万柏林区
89%
山西省 吕梁市 交口县
89%
内蒙古自治区 赤峰市 阿鲁科尔沁旗
89%
内蒙古自治区 呼伦贝尔市 满洲里市
89%
内蒙古自治区 呼伦贝尔市 额尔古纳市
89%
内蒙古自治区 巴彦淖尔市 五原县
89%
内蒙古自治区 乌兰察布市 察哈尔右翼后旗
89%
内蒙古自治区 乌兰察布市 丰镇市
89%
内蒙古自治区 锡林郭勒盟 正镶白旗
89%
内蒙古自治区 阿拉善盟 阿拉善右旗
89%
辽宁省 葫芦岛市 龙港区
89%
吉林省 长春市 九台区
89%
吉林省 白山市 浑江区
89%
吉林省 松原市 前郭尔罗斯蒙古族自治县
89%
黑龙江省 双鸭山市 宝清县
89%
江苏省 盐城市 阜宁县
89%
浙江省 温州市 龙湾区
89%
浙江省 温州市 龙港市
89%
浙江省 金华市 武义县
89%
浙江省 金华市 浦江县
89%
浙江省 金华市 兰溪市
89%
浙江省 金华市 义乌市
89%
浙江省 丽水市 云和县
89%
浙江省 丽水市 景宁畲族自治县
89%
浙江省 丽水市 龙泉市
89%
安徽省 合肥市 庐江县
89%
安徽省 芜湖市 弋江区
89%
安徽省 安庆市 迎江区
89%
安徽省 池州市 石台县
89%
福建省 三明市 宁化县
89%
福建省 泉州市 丰泽区
89%
福建省 漳州市 龙文区
89%
福建省 宁德市 寿宁县
89%
江西省 南昌市 红谷滩区
89%
江西省 赣州市 信丰县
89%
江西省 赣州市 宁都县
89%
江西省 吉安市 青原区
89%
江西省 吉安市 峡江县
89%
江西省 吉安市 永丰县
89%
江西省 宜春市 上高县
89%
江西省 抚州市 临川区
89%
江西省 抚州市 宜黄县
89%
江西省 抚州市 金溪县
89%
山东省 济南市 天桥区
89%
山东省 潍坊市 昌乐县
89%
山东省 济宁市 金乡县
89%
山东省 临沂市 兰陵县
89%
河南省 洛阳市 洛龙区
89%
河南省 洛阳市 洛宁县
89%
河南省 平顶山市 石龙区
89%
河南省 新乡市 红旗区
89%
河南省 三门峡市 义马市
89%
湖北省 武汉市 武昌区
89%
湖北省 宜昌市 五峰土家族自治县
89%
湖北省 孝感市 汉川市
89%
湖北省 黄冈市 黄梅县
89%
湖南省 张家界市 武陵源区
89%
广东省 韶关市 乐昌市
89%
广东省 梅州市 五华县
89%
广东省 揭阳市 普宁市
89%
广西壮族自治区 南宁市 青秀区
89%
广西壮族自治区 河池市 环江毛南族自治县
89%
广西壮族自治区 崇左市 宁明县
89%
海南省 (直辖) 文昌市
89%
海南省 (直辖) 万宁市
89%
海南省 (直辖) 白沙黎族自治县
89%
重庆市 (直辖) 黔江区
89%
四川省 成都市 青羊区
89%
四川省 成都市 金牛区
89%
四川省 成都市 龙泉驿区
89%
四川省 成都市 温江区
89%
四川省 成都市 蒲江县
89%
四川省 泸州市 龙马潭区
89%
四川省 泸州市 合江县
89%
四川省 眉山市 青神县
89%
四川省 宜宾市 兴文县
89%
四川省 资阳市 雁江区
89%
贵州省 安顺市 镇宁布依族苗族自治县
89%
贵州省 黔东南苗族侗族自治州 榕江县
89%
贵州省 黔东南苗族侗族自治州 麻江县
89%
云南省 昆明市 五华区
89%
云南省 曲靖市 马龙区
89%
云南省 玉溪市 澄江市
89%
云南省 昭通市 绥江县
89%
云南省 迪庆藏族自治州 香格里拉市
89%
西藏自治区 昌都市 江达县
89%
陕西省 延安市 宜川县
89%
陕西省 安康市 汉阴县
89%
甘肃省 兰州市 红古区
89%
甘肃省 白银市 白银区
89%
甘肃省 陇南市 武都区
89%
青海省 海北藏族自治州 门源回族自治县
89%
宁夏回族自治区 银川市 金凤区
89%
宁夏回族自治区 银川市 永宁县
89%
新疆维吾尔自治区 吐鲁番市 高昌区
89%
新疆维吾尔自治区 阿勒泰地区 吉木乃县
89%
新疆维吾尔自治区 (直辖) 图木舒克市
89%
河北省 秦皇岛市 抚宁区
88%
河北省 秦皇岛市 卢龙县
88%
河北省 邢台市 宁晋县
88%
河北省 沧州市 肃宁县
88%
河北省 沧州市 吴桥县
88%
山西省 大同市 天镇县
88%
山西省 大同市 左云县
88%
山西省 晋中市 和顺县
88%
山西省 临汾市 乡宁县
88%
内蒙古自治区 通辽市 科尔沁左翼后旗
88%
内蒙古自治区 鄂尔多斯市 伊金霍洛旗
88%
内蒙古自治区 巴彦淖尔市 乌拉特前旗
88%
内蒙古自治区 巴彦淖尔市 乌拉特后旗
88%
内蒙古自治区 乌兰察布市 集宁区
88%
内蒙古自治区 乌兰察布市 察哈尔右翼前旗
88%
内蒙古自治区 兴安盟 科尔沁右翼前旗
88%
内蒙古自治区 锡林郭勒盟 锡林浩特市
88%
内蒙古自治区 阿拉善盟 阿拉善左旗
88%
辽宁省 沈阳市 苏家屯区
88%
辽宁省 辽阳市 弓长岭区
88%
辽宁省 盘锦市 兴隆台区
88%
辽宁省 葫芦岛市 建昌县
88%
吉林省 松原市 长岭县
88%
吉林省 延边朝鲜族自治州 龙井市
88%
黑龙江省 齐齐哈尔市 富拉尔基区
88%
黑龙江省 齐齐哈尔市 梅里斯达斡尔族区
88%
黑龙江省 大庆市 龙凤区
88%
黑龙江省 佳木斯市 同江市
88%
黑龙江省 黑河市 嫩江市
88%
黑龙江省 绥化市 青冈县
88%
江苏省 扬州市 邗江区
88%
浙江省 衢州市 衢江区
88%
浙江省 衢州市 开化县
88%
浙江省 衢州市 龙游县
88%
浙江省 台州市 椒江区
88%
浙江省 台州市 黄岩区
88%
安徽省 芜湖市 鸠江区
88%
安徽省 黄山市 休宁县
88%
安徽省 六安市 金寨县
88%
安徽省 宣城市 宁国市
88%
福建省 莆田市 涵江区
88%
福建省 三明市 沙县区
88%
福建省 南平市 顺昌县
88%
福建省 宁德市 周宁县
88%
江西省 鹰潭市 余江区
88%
山东省 枣庄市 台儿庄区
88%
山东省 德州市 庆云县
88%
河南省 安阳市 内黄县
88%
河南省 濮阳市 华龙区
88%
湖北省 武汉市 江岸区
88%
湖北省 宜昌市 枝江市
88%
湖北省 (直辖) 潜江市
88%
湖南省 长沙市 宁乡市
88%
湖南省 衡阳市 常宁市
88%
湖南省 益阳市 沅江市
88%
湖南省 郴州市 临武县
88%
湖南省 永州市 宁远县
88%
湖南省 怀化市 芷江侗族自治县
88%
广东省 韶关市 浈江区
88%
广东省 深圳市 龙岗区
88%
广东省 深圳市 龙华区
88%
广东省 汕头市 濠江区
88%
广东省 佛山市 顺德区
88%
广东省 江门市 蓬江区
88%
广东省 湛江市 廉江市
88%
广东省 茂名市 电白区
88%
广东省 肇庆市 广宁县
88%
广东省 梅州市 兴宁市
88%
广东省 汕尾市 陆丰市
88%
广西壮族自治区 南宁市 兴宁区
88%
广西壮族自治区 南宁市 邕宁区
88%
广西壮族自治区 玉林市 博白县
88%
广西壮族自治区 来宾市 金秀瑶族自治县
88%
海南省 海口市 龙华区
88%
重庆市 (直辖) 綦江区
88%
重庆市 (直辖) 垫江县
88%
四川省 绵阳市 江油市
88%
四川省 乐山市 夹江县
88%
四川省 达州市 通川区
88%
四川省 阿坝藏族羌族自治州 马尔康市
88%
四川省 阿坝藏族羌族自治州 红原县
88%
四川省 甘孜藏族自治州 雅江县
88%
贵州省 毕节市 威宁彝族回族苗族自治县
88%
贵州省 铜仁市 碧江区
88%
贵州省 铜仁市 印江土家族苗族自治县
88%
贵州省 黔东南苗族侗族自治州 从江县
88%
贵州省 黔南布依族苗族自治州 长顺县
88%
贵州省 黔南布依族苗族自治州 龙里县
88%
云南省 昆明市 晋宁区
88%
云南省 昆明市 石林彝族自治县
88%
云南省 玉溪市 华宁县
88%
云南省 保山市 龙陵县
88%
云南省 德宏傣族景颇族自治州 盈江县
88%
西藏自治区 日喀则市 江孜县
88%
陕西省 渭南市 华阴市
88%
陕西省 延安市 延川县
88%
陕西省 安康市 宁陕县
88%
甘肃省 白银市 会宁县
88%
青海省 海东市 民和回族土族自治县
88%
青海省 海西蒙古族藏族自治州 格尔木市
88%
青海省 海西蒙古族藏族自治州 都兰县
88%
新疆维吾尔自治区 和田地区 和康县
88%
新疆维吾尔自治区 伊犁哈萨克自治州 伊宁市
88%
新疆维吾尔自治区 伊犁哈萨克自治州 伊宁县
88%
新疆维吾尔自治区 (直辖) 五家渠市
88%
新疆维吾尔自治区 (直辖) 白杨市
88%
北京市 (直辖) 顺义区
87%
天津市 (直辖) 红桥区
87%
河北省 沧州市 青县
87%
内蒙古自治区 呼伦贝尔市 陈巴尔虎旗
87%
内蒙古自治区 乌兰察布市 兴和县
87%
辽宁省 辽阳市 白塔区
87%
吉林省 吉林市 龙潭区
87%
吉林省 吉林市 丰满区
87%
江苏省 徐州市 睢宁县
87%
浙江省 湖州市 吴兴区
87%
浙江省 湖州市 德清县
87%
安徽省 蚌埠市 怀远县
87%
福建省 漳州市 长泰区
87%
江西省 赣州市 会昌县
87%
山东省 菏泽市 成武县
87%
河南省 开封市 龙亭区
87%
河南省 南阳市 卧龙区
87%
湖北省 恩施土家族苗族自治州 利川市
87%
湖北省 恩施土家族苗族自治州 咸丰县
87%
湖南省 邵阳市 绥宁县
87%
湖南省 岳阳市 云溪区
87%
湖南省 常德市 武陵区
87%
广东省 河源市 紫金县
87%
广西壮族自治区 桂林市 龙胜各族自治县
87%
广西壮族自治区 梧州市 龙圩区
87%
广西壮族自治区 贺州市 富川瑶族自治县
87%
海南省 (直辖) 屯昌县
87%
重庆市 (直辖) 永川区
87%
重庆市 (直辖) 武隆区
87%
四川省 内江市 隆昌市
87%
四川省 达州市 万源市
87%
四川省 凉山彝族自治州 德昌县
87%
四川省 凉山彝族自治州 冕宁县
87%
贵州省 贵阳市 清镇市
87%
贵州省 六盘水市 六枝特区
87%
贵州省 黔东南苗族侗族自治州 三穗县
87%
云南省 昆明市 盘龙区
87%
云南省 玉溪市 红塔区
87%
云南省 丽江市 宁蒗彝族自治县
87%
云南省 普洱市 宁洱哈尼族彝族自治县
87%
西藏自治区 昌都市 丁青县
87%
西藏自治区 林芝市 巴宜区
87%
陕西省 延安市 洛川县
87%
陕西省 汉中市 汉台区
87%
陕西省 汉中市 宁强县
87%
甘肃省 金昌市 永昌县
87%
甘肃省 平凉市 静宁县
87%
甘肃省 庆阳市 宁县
87%
宁夏回族自治区 银川市 灵武市
87%
新疆维吾尔自治区 乌鲁木齐市 沙依巴克区
87%
新疆维吾尔自治区 昌吉回族自治州 昌吉市
87%
河北省 唐山市 丰润区
85%
河北省 保定市 定兴县
85%
河北省 廊坊市 永清县
85%
山西省 太原市 杏花岭区
85%
山西省 太原市 清徐县
85%
山西省 长治市 武乡县
85%
山西省 忻州市 五寨县
85%
内蒙古自治区 呼和浩特市 玉泉区
85%
内蒙古自治区 包头市 九原区
85%
内蒙古自治区 兴安盟 乌兰浩特市
85%
内蒙古自治区 锡林郭勒盟 二连浩特市
85%
内蒙古自治区 锡林郭勒盟 苏尼特右旗
85%
辽宁省 锦州市 太和区
85%
黑龙江省 大庆市 红岗区
85%
江苏省 徐州市 丰县
85%
江苏省 常州市 武进区
85%
江苏省 常州市 金坛区
85%
江苏省 苏州市 张家港市
85%
安徽省 蚌埠市 淮上区
85%
安徽省 阜阳市 太和县
85%
福建省 福州市 福清市
85%
江西省 九江市 瑞昌市
85%
江西省 赣州市 瑞金市
85%
江西省 吉安市 泰和县
85%
江西省 抚州市 黎川县
85%
河南省 安阳市 文峰区
85%
河南省 濮阳市 台前县
85%
湖北省 (直辖) 神农架林区
85%
湖南省 长沙市 长沙县
85%
湖南省 邵阳市 洞口县
85%
湖南省 邵阳市 武冈市
85%
广东省 广州市 花都区
85%
广东省 深圳市 福田区
85%
广东省 佛山市 高明区
85%
广西壮族自治区 梧州市 长洲区
85%
广西壮族自治区 百色市 田林县
85%
重庆市 (直辖) 合川区
85%
重庆市 (直辖) 荣昌区
85%
四川省 成都市 武侯区
85%
四川省 成都市 金堂县
85%
四川省 自贡市 富顺县
85%
四川省 广元市 朝天区
85%
四川省 南充市 顺庆区
85%
四川省 广安市 武胜县
85%
四川省 阿坝藏族羌族自治州 九寨沟县
85%
四川省 甘孜藏族自治州 康定市
85%
四川省 甘孜藏族自治州 丹巴县
85%
贵州省 贵阳市 花溪区
85%
贵州省 毕节市 织金县
85%
贵州省 黔西南布依族苗族自治州 贞丰县
85%
云南省 临沧市 凤庆县
85%
云南省 临沧市 镇康县
85%
云南省 楚雄彝族自治州 禄丰市
85%
西藏自治区 日喀则市 白朗县
85%
西藏自治区 日喀则市 聂拉木县
85%
陕西省 咸阳市 武功县
85%
陕西省 延安市 延长县
85%
陕西省 汉中市 镇巴县
85%
陕西省 榆林市 神木市
85%
甘肃省 张掖市 高台县
85%
青海省 海西蒙古族藏族自治州 乌兰县
85%
宁夏回族自治区 银川市 兴庆区
85%
新疆维吾尔自治区 克拉玛依市 白碱滩区
85%
新疆维吾尔自治区 (直辖) 阿拉尔市
85%
河北省 衡水市 武邑县
84%
河北省 衡水市 武强县
84%
山西省 太原市 小店区
84%
山西省 临汾市 永和县
84%
内蒙古自治区 通辽市 霍林郭勒市
84%
内蒙古自治区 鄂尔多斯市 康巴什区
84%
内蒙古自治区 呼伦贝尔市 牙克石市
84%
内蒙古自治区 呼伦贝尔市 扎兰屯市
84%
内蒙古自治区 巴彦淖尔市 磴口县
84%
内蒙古自治区 锡林郭勒盟 阿巴嘎旗
84%
内蒙古自治区 锡林郭勒盟 苏尼特左旗
84%
辽宁省 大连市 普兰店区
84%
辽宁省 抚顺市 清原满族自治县
84%
辽宁省 阜新市 彰武县
84%
辽宁省 铁岭市 开原市
84%
黑龙江省 鸡西市 虎林市
84%
上海市 (直辖) 虹口区
84%
江苏省 南京市 玄武区
84%
江苏省 无锡市 宜兴市
84%
江苏省 泰州市 高港区
84%
江苏省 泰州市 兴化市
84%
浙江省 温州市 文成县
84%
安徽省 淮南市 凤台县
84%
安徽省 滁州市 定远县
84%
福建省 南平市 邵武市
84%
江西省 上饶市 德兴市
84%
山东省 日照市 五莲县
84%
山东省 德州市 乐陵市
84%
河南省 开封市 禹王台区
84%
河南省 洛阳市 伊川县
84%
河南省 焦作市 修武县
84%
河南省 焦作市 武陟县
84%
河南省 周口市 太康县
84%
湖北省 武汉市 硚口区
84%
湖北省 黄石市 下陆区
84%
湖北省 孝感市 孝昌县
84%
湖北省 荆州市 沙市区
84%
湖北省 黄冈市 武穴市
84%
湖南省 株洲市 渌口区
84%
广东省 广州市 黄埔区
84%
广西壮族自治区 南宁市 武鸣区
84%
广西壮族自治区 桂林市 七星区
84%
广西壮族自治区 防城港市 上思县
84%
广西壮族自治区 来宾市 武宣县
84%
海南省 海口市 美兰区
84%
贵州省 安顺市 普定县
84%
贵州省 安顺市 紫云苗族布依族自治县
84%
云南省 玉溪市 易门县
84%
西藏自治区 拉萨市 林周县
84%
西藏自治区 日喀则市 定日县
84%
甘肃省 平凉市 泾川县
84%
甘肃省 临夏回族自治州 康乐县
84%
青海省 海东市 乐都区
84%
新疆维吾尔自治区 克拉玛依市 乌尔禾区
84%
新疆维吾尔自治区 哈密市 巴里坤哈萨克自治县
84%
新疆维吾尔自治区 阿克苏地区 阿克苏市
84%
北京市 (直辖) 密云区
83%
河北省 秦皇岛市 昌黎县
83%
河北省 沧州市 黄骅市
83%
山西省 朔州市 右玉县
83%
山西省 吕梁市 石楼县
83%
内蒙古自治区 乌兰察布市 化德县
83%
内蒙古自治区 锡林郭勒盟 镶黄旗
83%
辽宁省 丹东市 元宝区
83%
辽宁省 铁岭市 铁岭县
83%
辽宁省 铁岭市 昌图县
83%
吉林省 吉林市 昌邑区
83%
江苏省 南通市 崇川区
83%
江苏省 连云港市 连云区
83%
江苏省 淮安市 淮阴区
83%
江苏省 泰州市 泰兴市
83%
浙江省 温州市 泰顺县
83%
浙江省 丽水市 庆元县
83%
安徽省 淮南市 田家庵区
83%
安徽省 黄山市 祁门县
83%
福建省 泉州市 德化县
83%
江西省 萍乡市 上栗县
83%
山东省 淄博市 淄川区
83%
山东省 潍坊市 昌邑市
83%
河南省 驻马店市 上蔡县
83%
湖北省 武汉市 黄陂区
83%
湖南省 长沙市 天心区
83%
湖南省 长沙市 雨花区
83%
湖南省 邵阳市 双清区
83%
广东省 珠海市 斗门区
83%
广东省 云浮市 罗定市
83%
广西壮族自治区 桂林市 灵川县
83%
广西壮族自治区 梧州市 万秀区
83%
广西壮族自治区 玉林市 陆川县
83%
重庆市 (直辖) 长寿区
83%
四川省 攀枝花市 仁和区
83%
四川省 雅安市 汉源县
83%
四川省 雅安市 宝兴县
83%
贵州省 黔东南苗族侗族自治州 镇远县
83%
云南省 曲靖市 富源县
83%
云南省 红河哈尼族彝族自治州 开远市
83%
云南省 德宏傣族景颇族自治州 陇川县
83%
西藏自治区 拉萨市 尼木县
83%
西藏自治区 林芝市 米林市
83%
陕西省 西安市 蓝田县
83%
陕西省 咸阳市 秦都区
83%
甘肃省 平凉市 灵台县
83%
青海省 海南藏族自治州 共和县
83%
新疆维吾尔自治区 喀什地区 塔什库尔干塔吉克自治县
83%
河北省 承德市 双桥区
82%
山西省 运城市 万荣县
82%
山西省 吕梁市 柳林县
82%
内蒙古自治区 包头市 土默特右旗
82%
吉林省 长春市 二道区
82%
黑龙江省 哈尔滨市 呼兰区
82%
黑龙江省 佳木斯市 桦川县
82%
浙江省 丽水市 遂昌县
82%
安徽省 芜湖市 繁昌区
82%
安徽省 阜阳市 颍上县
82%
安徽省 宣城市 广德市
82%
福建省 三明市 明溪县
82%
福建省 三明市 清流县
82%
福建省 泉州市 泉港区
82%
福建省 宁德市 古田县
82%
江西省 萍乡市 莲花县
82%
山东省 济宁市 鱼台县
82%
河南省 郑州市 二七区
82%
河南省 周口市 川汇区
82%
湖南省 株洲市 石峰区
82%
湖南省 岳阳市 湘阴县
82%
广东省 肇庆市 德庆县
82%
广东省 肇庆市 四会市
82%
广西壮族自治区 百色市 隆林各族自治县
82%
广西壮族自治区 河池市 巴马瑶族自治县
82%
海南省 三亚市 天涯区
82%
四川省 雅安市 天全县
82%
贵州省 遵义市 汇川区
82%
贵州省 遵义市 务川仡佬族苗族自治县
82%
云南省 文山壮族苗族自治州 马关县
82%
云南省 大理白族自治州 剑川县
82%
西藏自治区 日喀则市 康马县
82%
西藏自治区 阿里地区 普兰县
82%
陕西省 西安市 高陵区
82%
陕西省 榆林市 子洲县
82%
陕西省 安康市 石泉县
82%
甘肃省 武威市 天祝藏族自治县
82%
甘肃省 陇南市 宕昌县
82%
甘肃省 临夏回族自治州 临夏市
82%
甘肃省 临夏回族自治州 临夏县
82%
青海省 海西蒙古族藏族自治州 德令哈市
82%
新疆维吾尔自治区 巴音郭楞蒙古自治州 和静县
82%
新疆维吾尔自治区 克孜勒苏柯尔克孜自治州 阿克陶县
82%
新疆维吾尔自治区 喀什地区 英吉沙县
82%
新疆维吾尔自治区 阿勒泰地区 阿勒泰市
82%
新疆维吾尔自治区 阿勒泰地区 布尔津县
82%
河北省 邢台市 信都区
80%
河北省 张家口市 万全区
80%
河北省 承德市 兴隆县
80%
山西省 长治市 上党区
80%
山西省 吕梁市 离石区
80%
内蒙古自治区 呼和浩特市 土默特左旗
80%
辽宁省 大连市 甘井子区
80%
辽宁省 抚顺市 望花区
80%
辽宁省 朝阳市 喀喇沁左翼蒙古族自治县
80%
吉林省 通化市 通化县
80%
黑龙江省 齐齐哈尔市 建华区
80%
黑龙江省 大庆市 林甸县
80%
浙江省 绍兴市 上虞区
80%
福建省 龙岩市 上杭县
80%
江西省 赣州市 上犹县
80%
江西省 赣州市 于都县
80%
江西省 吉安市 遂川县
80%
山东省 济南市 历下区
80%
山东省 济宁市 汶上县
80%
山东省 临沂市 蒙阴县
80%
河南省 郑州市 上街区
80%
河南省 洛阳市 栾川县
80%
河南省 安阳市 汤阴县
80%
河南省 南阳市 淅川县
80%
河南省 信阳市 潢川县
80%
湖北省 宜昌市 宜都市
80%
湖北省 黄冈市 罗田县
80%
湖南省 长沙市 开福区
80%
湖南省 郴州市 永兴县
80%
湖南省 湘西土家族苗族自治州 永顺县
80%
广西壮族自治区 河池市 天峨县
80%
广西壮族自治区 崇左市 天等县
80%
海南省 (直辖) 临高县
80%
四川省 乐山市 沐川县
80%
四川省 阿坝藏族羌族自治州 汶川县
80%
贵州省 安顺市 关岭布依族苗族自治县
80%
贵州省 铜仁市 玉屏侗族自治县
80%
贵州省 黔东南苗族侗族自治州 天柱县
80%
云南省 红河哈尼族彝族自治州 石屏县
80%
云南省 大理白族自治州 宾川县
80%
西藏自治区 日喀则市 岗巴县
80%
甘肃省 酒泉市 阿克塞哈萨克族自治县
80%
甘肃省 庆阳市 镇原县
80%
青海省 海南藏族自治州 同德县
80%
青海省 海西蒙古族藏族自治州 天峻县
80%
宁夏回族自治区 吴忠市 红寺堡区
80%
宁夏回族自治区 中卫市 沙坡头区
80%
新疆维吾尔自治区 克孜勒苏柯尔克孜自治州 阿合奇县
80%
新疆维吾尔自治区 (直辖) 可克达拉市
80%
河北省 保定市 高碑店市
79%
山西省 大同市 云冈区
79%
山西省 忻州市 静乐县
79%
内蒙古自治区 鄂尔多斯市 鄂托克前旗
79%
辽宁省 辽阳市 文圣区
79%
吉林省 延边朝鲜族自治州 延吉市
79%
黑龙江省 大庆市 萨尔图区
79%
浙江省 台州市 玉环市
79%
福建省 泉州市 石狮市
79%
福建省 龙岩市 永定区
79%
江西省 赣州市 崇义县
79%
江西省 赣州市 兴国县
79%
河南省 新乡市 长垣市
79%
河南省 许昌市 魏都区
79%
湖北省 荆州市 石首市
79%
湖南省 衡阳市 石鼓区
79%
湖南省 张家界市 永定区
79%
湖南省 怀化市 通道侗族自治县
79%
广西壮族自治区 来宾市 兴宾区
79%
四川省 成都市 成华区
79%
四川省 乐山市 沙湾区
79%
四川省 甘孜藏族自治州 石渠县
79%
四川省 甘孜藏族自治州 巴塘县
79%
贵州省 贵阳市 修文县
79%
贵州省 黔西南布依族苗族自治州 兴仁市
79%
云南省 怒江傈僳族自治州 兰坪白族普米族自治县
79%
西藏自治区 昌都市 八宿县
79%
陕西省 安康市 汉滨区
79%
陕西省 安康市 镇坪县
79%
甘肃省 张掖市 民乐县
79%
青海省 玉树藏族自治州 玉树市
79%
宁夏回族自治区 吴忠市 利通区
79%
宁夏回族自治区 固原市 隆德县
79%
新疆维吾尔自治区 克拉玛依市 克拉玛依区
79%
新疆维吾尔自治区 克孜勒苏柯尔克孜自治州 阿图什市
79%
新疆维吾尔自治区 塔城地区 沙湾市
79%
北京市 (直辖) 延庆区
78%
河北省 石家庄市 正定县
78%
河北省 邯郸市 复兴区
78%
河北省 邢台市 襄都区
78%
河北省 保定市 望都县
78%
河北省 张家口市 尚义县
78%
山西省 晋中市 太谷区
78%
山西省 晋中市 灵石县
78%
山西省 忻州市 保德县
78%
内蒙古自治区 包头市 昆都仑区
78%
内蒙古自治区 包头市 石拐区
78%
内蒙古自治区 乌海市 乌达区
78%
内蒙古自治区 通辽市 开鲁县
78%
内蒙古自治区 乌兰察布市 商都县
78%
辽宁省 锦州市 古塔区
78%
吉林省 吉林市 磐石市
78%
黑龙江省 大庆市 杜尔伯特蒙古族自治县
78%
江苏省 扬州市 广陵区
78%
浙江省 杭州市 建德市
78%
浙江省 宁波市 奉化区
78%
安徽省 马鞍山市 和县
78%
安徽省 黄山市 屯溪区
78%
安徽省 滁州市 明光市
78%
福建省 南平市 松溪县
78%
福建省 南平市 政和县
78%
福建省 龙岩市 长汀县
78%
江西省 鹰潭市 贵溪市
78%
山东省 淄博市 桓台县
78%
山东省 潍坊市 奎文区
78%
山东省 威海市 文登区
78%
山东省 滨州市 博兴县
78%
河南省 焦作市 马村区
78%
河南省 许昌市 长葛市
78%
湖南省 湘西土家族苗族自治州 花垣县
78%
广东省 韶关市 仁化县
78%
广东省 深圳市 盐田区
78%
广东省 深圳市 光明区
78%
广西壮族自治区 百色市 德保县
78%
重庆市 (直辖) 石柱土家族自治县
78%
四川省 乐山市 马边彝族自治县
78%
四川省 雅安市 石棉县
78%
贵州省 铜仁市 石阡县
78%
云南省 昆明市 富民县
78%
云南省 丽江市 华坪县
78%
云南省 临沧市 永德县
78%
西藏自治区 山南市 隆子县
78%
陕西省 西安市 碑林区
78%
陕西省 铜川市 印台区
78%
甘肃省 张掖市 临泽县
78%
甘肃省 陇南市 文县
78%
甘肃省 临夏回族自治州 和政县
78%
青海省 海南藏族自治州 贵德县
78%
宁夏回族自治区 银川市 贺兰县
78%
新疆维吾尔自治区 昌吉回族自治州 奇台县
78%
新疆维吾尔自治区 博尔塔拉蒙古自治州 博乐市
78%
新疆维吾尔自治区 巴音郭楞蒙古自治州 轮台县
78%
新疆维吾尔自治区 巴音郭楞蒙古自治州 和硕县
78%
新疆维吾尔自治区 和田地区 于田县
78%
新疆维吾尔自治区 伊犁哈萨克自治州 霍尔果斯市
78%
新疆维吾尔自治区 伊犁哈萨克自治州 察布查尔锡伯自治县
78%
河北省 唐山市 乐亭县
77%
河北省 邯郸市 丛台区
77%
河北省 保定市 清苑区
77%
河北省 承德市 隆化县
77%
山西省 太原市 晋源区
77%
内蒙古自治区 通辽市 科尔沁区
77%
吉林省 吉林市 舒兰市
77%
江苏省 连云港市 灌云县
77%
江苏省 盐城市 盐都区
77%
浙江省 丽水市 莲都区
77%
安徽省 阜阳市 临泉县
77%
福建省 福州市 闽清县
77%
江西省 上饶市 万年县
77%
河南省 郑州市 巩义市
77%
河南省 新乡市 凤泉区
77%
河南省 漯河市 源汇区
77%
湖北省 宜昌市 伍家岗区
77%
湖南省 郴州市 资兴市
77%
湖南省 娄底市 双峰县
77%
广东省 清远市 英德市
77%
广西壮族自治区 北海市 合浦县
77%
广西壮族自治区 贺州市 八步区
77%
四川省 阿坝藏族羌族自治州 若尔盖县
77%
贵州省 遵义市 余庆县
77%
贵州省 黔南布依族苗族自治州 贵定县
77%
云南省 昭通市 镇雄县
77%
云南省 大理白族自治州 祥云县
77%
云南省 大理白族自治州 鹤庆县
77%
陕西省 延安市 宝塔区
77%
陕西省 榆林市 定边县
77%
甘肃省 兰州市 皋兰县
77%
甘肃省 平凉市 华亭市
77%
青海省 海东市 化隆回族自治县
77%
新疆维吾尔自治区 巴音郭楞蒙古自治州 库尔勒市
77%
新疆维吾尔自治区 伊犁哈萨克自治州 特克斯县
77%
新疆维吾尔自治区 伊犁哈萨克自治州 尼勒克县
77%
新疆维吾尔自治区 塔城地区 乌苏市
77%
山西省 吕梁市 孝义市
76%
内蒙古自治区 鄂尔多斯市 达拉特旗
76%
内蒙古自治区 呼伦贝尔市 扎赉诺尔区
76%
内蒙古自治区 呼伦贝尔市 阿荣旗
76%
辽宁省 丹东市 振兴区
76%
辽宁省 锦州市 义县
76%
吉林省 四平市 伊通满族自治县
76%
吉林省 延边朝鲜族自治州 敦化市
76%
黑龙江省 哈尔滨市 道里区
76%
黑龙江省 哈尔滨市 依兰县
76%
浙江省 台州市 路桥区
76%
安徽省 蚌埠市 固镇县
76%
福建省 福州市 罗源县
76%
江西省 宜春市 万载县
76%
山东省 潍坊市 高密市
76%
山东省 德州市 夏津县
76%
山东省 聊城市 高唐县
76%
河南省 开封市 兰考县
76%
河南省 安阳市 殷都区
76%
河南省 新乡市 辉县市
76%
湖北省 十堰市 张湾区
76%
湖北省 随州市 曾都区
76%
湖南省 常德市 桃源县
76%
湖南省 常德市 津市市
76%
广东省 潮州市 湘桥区
76%
广西壮族自治区 玉林市 兴业县
76%
广西壮族自治区 百色市 凌云县
76%
四川省 成都市 郫都区
76%
四川省 内江市 威远县
76%
四川省 南充市 高坪区
76%
贵州省 黔南布依族苗族自治州 福泉市
76%
西藏自治区 日喀则市 仲巴县
76%
西藏自治区 日喀则市 吉隆县
76%
陕西省 咸阳市 杨陵区
76%
陕西省 榆林市 绥德县
76%
陕西省 榆林市 吴堡县
76%
甘肃省 庆阳市 华池县
76%
青海省 果洛藏族自治州 达日县
76%
新疆维吾尔自治区 喀什地区 巴楚县
76%
新疆维吾尔自治区 和田地区 墨玉县
76%
新疆维吾尔自治区 (直辖) 昆玉市
76%
河北省 承德市 鹰手营子矿区
74%
山西省 朔州市 怀仁市
74%
山西省 临汾市 尧都区
74%
山西省 吕梁市 兴县
74%
内蒙古自治区 赤峰市 克什克腾旗
74%
内蒙古自治区 鄂尔多斯市 准格尔旗
74%
内蒙古自治区 锡林郭勒盟 正蓝旗
74%
辽宁省 朝阳市 双塔区
74%
吉林省 长春市 德惠市
74%
吉林省 吉林市 永吉县
74%
吉林省 四平市 双辽市
74%
吉林省 延边朝鲜族自治州 汪清县
74%
黑龙江省 哈尔滨市 巴彦县
74%
上海市 (直辖) 嘉定区
74%
上海市 (直辖) 崇明区
74%
江苏省 无锡市 梁溪区
74%
浙江省 金华市 永康市
74%
浙江省 丽水市 缙云县
74%
福建省 福州市 永泰县
74%
福建省 厦门市 思明区
74%
福建省 泉州市 永春县
74%
福建省 漳州市 云霄县
74%
河南省 开封市 通许县
74%
河南省 三门峡市 灵宝市
74%
河南省 (直辖) 济源市
74%
湖北省 孝感市 云梦县
74%
广东省 广州市 从化区
74%
广东省 韶关市 始兴县
74%
广东省 梅州市 梅县区
74%
重庆市 (直辖) 沙坪坝区
74%
四川省 南充市 嘉陵区
74%
四川省 凉山彝族自治州 喜德县
74%
贵州省 贵阳市 云岩区
74%
贵州省 遵义市 仁怀市
74%
贵州省 黔南布依族苗族自治州 都匀市
74%
云南省 临沧市 云县
74%
云南省 临沧市 沧源佤族自治县
74%
西藏自治区 昌都市 类乌齐县
74%
陕西省 榆林市 清涧县
74%
甘肃省 白银市 靖远县
74%
甘肃省 白银市 景泰县
74%
新疆维吾尔自治区 昌吉回族自治州 木垒哈萨克自治县
74%
新疆维吾尔自治区 阿克苏地区 乌什县
74%
河北省 张家口市 怀来县
73%
辽宁省 大连市 瓦房店市
73%
吉林省 长春市 公主岭市
73%
吉林省 白城市 镇赉县
73%
黑龙江省 齐齐哈尔市 泰来县
73%
黑龙江省 黑河市 孙吴县
73%
福建省 福州市 马尾区
73%
河南省 信阳市 淮滨县
73%
湖北省 十堰市 竹溪县
73%
湖南省 岳阳市 临湘市
73%
湖南省 永州市 零陵区
73%
广西壮族自治区 桂林市 秀峰区
73%
广西壮族自治区 桂林市 临桂区
73%
广西壮族自治区 桂林市 永福县
73%
重庆市 (直辖) 铜梁区
73%
四川省 泸州市 纳溪区
73%
四川省 甘孜藏族自治州 德格县
73%
四川省 凉山彝族自治州 盐源县
73%
贵州省 黔东南苗族侗族自治州 凯里市
73%
云南省 昆明市 嵩明县
73%
云南省 普洱市 镇沅彝族哈尼族拉祜族自治县
73%
云南省 红河哈尼族彝族自治州 绿春县
73%
陕西省 延安市 吴起县
73%
甘肃省 定西市 通渭县
73%
青海省 果洛藏族自治州 甘德县
73%
新疆维吾尔自治区 昌吉回族自治州 阜康市
73%
新疆维吾尔自治区 阿克苏地区 阿瓦提县
73%
新疆维吾尔自治区 和田地区 洛浦县
73%
新疆维吾尔自治区 塔城地区 托里县
73%
河北省 石家庄市 高邑县
72%
河北省 邯郸市 临漳县
72%
河北省 张家口市 宣化区
72%
河北省 张家口市 康保县
72%
山西省 长治市 沁源县
72%
山西省 忻州市 定襄县
72%
山西省 忻州市 神池县
72%
江苏省 扬州市 宝应县
72%
安徽省 安庆市 宜秀区
72%
福建省 三明市 将乐县
72%
山东省 淄博市 沂源县
72%
山东省 菏泽市 定陶区
72%
河南省 南阳市 内乡县
72%
湖北省 襄阳市 保康县
72%
湖北省 鄂州市 华容区
72%
湖北省 荆门市 沙洋县
72%
湖南省 株洲市 茶陵县
72%
湖南省 岳阳市 华容县
72%
湖南省 常德市 汉寿县
72%
广西壮族自治区 桂林市 资源县
72%
广西壮族自治区 百色市 乐业县
72%
四川省 成都市 双流区
72%
四川省 德阳市 广汉市
72%
四川省 广元市 昭化区
72%
四川省 阿坝藏族羌族自治州 阿坝县
72%
四川省 甘孜藏族自治州 泸定县
72%
贵州省 贵阳市 乌当区
72%
云南省 普洱市 景谷傣族彝族自治县
72%
西藏自治区 昌都市 左贡县
72%
西藏自治区 山南市 曲松县
72%
西藏自治区 阿里地区 噶尔县
72%
西藏自治区 阿里地区 日土县
72%
青海省 玉树藏族自治州 曲麻莱县
72%
河北省 石家庄市 元氏县
71%
河北省 唐山市 遵化市
71%
河北省 承德市 承德县
71%
山西省 晋中市 左权县
71%
山西省 临汾市 侯马市
71%
内蒙古自治区 呼伦贝尔市 莫力达瓦达斡尔族自治旗
71%
内蒙古自治区 呼伦贝尔市 鄂伦春自治旗
71%
吉林省 白城市 通榆县
71%
黑龙江省 佳木斯市 富锦市
71%
黑龙江省 佳木斯市 抚远市
71%
江苏省 南京市 高淳区
71%
江苏省 苏州市 太仓市
71%
江苏省 扬州市 高邮市
71%
江西省 赣州市 赣县区
71%
江西省 宜春市 铜鼓县
71%
江西省 抚州市 资溪县
71%
湖北省 恩施土家族苗族自治州 来凤县
71%
湖南省 株洲市 炎陵县
71%
湖南省 株洲市 醴陵市
71%
广东省 湛江市 遂溪县
71%
广东省 肇庆市 封开县
71%
四川省 广元市 苍溪县
71%
四川省 资阳市 乐至县
71%
云南省 临沧市 耿马傣族佤族自治县
71%
云南省 楚雄彝族自治州 牟定县
71%
云南省 迪庆藏族自治州 德钦县
71%
西藏自治区 昌都市 芒康县
71%
陕西省 商洛市 丹凤县
71%
甘肃省 定西市 渭源县
71%
青海省 海东市 循化撒拉族自治县
71%
宁夏回族自治区 固原市 泾源县
71%
新疆维吾尔自治区 喀什地区 泽普县
71%
河北省 石家庄市 裕华区
70%
河北省 邯郸市 曲周县
70%
河北省 张家口市 沽源县
70%
辽宁省 本溪市 本溪满族自治县
70%
辽宁省 朝阳市 凌源市
70%
黑龙江省 齐齐哈尔市 昂昂溪区
70%
黑龙江省 伊春市 乌翠区
70%
黑龙江省 伊春市 铁力市
70%
浙江省 宁波市 慈溪市
70%
浙江省 嘉兴市 秀洲区
70%
安徽省 淮南市 谢家集区
70%
安徽省 宣城市 旌德县
70%
福建省 宁德市 霞浦县
70%
江西省 上饶市 婺源县
70%
山东省 烟台市 招远市
70%
山东省 德州市 临邑县
70%
山东省 滨州市 沾化区
70%
山东省 滨州市 惠民县
70%
河南省 许昌市 鄢陵县
70%
河南省 漯河市 召陵区
70%
湖北省 宜昌市 夷陵区
70%
湖南省 怀化市 沅陵县
70%
湖南省 怀化市 辰溪县
70%
广东省 湛江市 坡头区
70%
广东省 肇庆市 高要区
70%
广东省 肇庆市 怀集县
70%
广东省 惠州市 博罗县
70%
广西壮族自治区 柳州市 鱼峰区
70%
重庆市 (直辖) 涪陵区
70%
四川省 自贡市 自流井区
70%
四川省 宜宾市 高县
70%
四川省 广安市 岳池县
70%
四川省 广安市 华蓥市
70%
四川省 达州市 宣汉县
70%
四川省 凉山彝族自治州 普格县
70%
云南省 楚雄彝族自治州 双柏县
70%
云南省 西双版纳傣族自治州 景洪市
70%
云南省 德宏傣族景颇族自治州 瑞丽市
70%
西藏自治区 日喀则市 定结县
70%
陕西省 咸阳市 礼泉县
70%
陕西省 咸阳市 淳化县
70%
陕西省 渭南市 临渭区
70%
陕西省 延安市 甘泉县
70%
新疆维吾尔自治区 阿克苏地区 沙雅县
70%
河北省 石家庄市 鹿泉区
68%
河北省 保定市 涞源县
68%
山西省 大同市 浑源县
68%
山西省 运城市 永济市
68%
内蒙古自治区 鄂尔多斯市 乌审旗
68%
内蒙古自治区 呼伦贝尔市 鄂温克族自治旗
68%
辽宁省 沈阳市 于洪区
68%
黑龙江省 哈尔滨市 延寿县
68%
黑龙江省 齐齐哈尔市 富裕县
68%
黑龙江省 大庆市 肇源县
68%
黑龙江省 佳木斯市 汤原县
68%
上海市 (直辖) 杨浦区
68%
江苏省 苏州市 虎丘区
68%
江苏省 淮安市 洪泽区
68%
浙江省 绍兴市 柯桥区
68%
安徽省 池州市 贵池区
68%
福建省 漳州市 漳浦县
68%
江西省 萍乡市 芦溪县
68%
江西省 赣州市 寻乌县
68%
江西省 上饶市 广信区
68%
山东省 淄博市 张店区
68%
山东省 淄博市 临淄区
68%
山东省 潍坊市 坊子区
68%
山东省 威海市 荣成市
68%
山东省 临沂市 临沭县
68%
河南省 漯河市 临颍县
68%
湖南省 常德市 临澧县
68%
湖南省 娄底市 涟源市
68%
湖南省 湘西土家族苗族自治州 吉首市
68%
湖南省 湘西土家族苗族自治州 泸溪县
68%
广东省 韶关市 翁源县
68%
广东省 韶关市 乳源瑶族自治县
68%
广东省 茂名市 信宜市
68%
广西壮族自治区 南宁市 良庆区
68%
重庆市 (直辖) 巫溪县
68%
云南省 楚雄彝族自治州 永仁县
68%
云南省 楚雄彝族自治州 元谋县
68%
云南省 大理白族自治州 洱源县
68%
西藏自治区 山南市 浪卡子县
68%
甘肃省 甘南藏族自治州 玛曲县
68%
青海省 西宁市 湟源县
68%
青海省 黄南藏族自治州 同仁市
68%
新疆维吾尔自治区 克孜勒苏柯尔克孜自治州 乌恰县
68%
山西省 运城市 临猗县
67%
山西省 吕梁市 临县
67%
内蒙古自治区 赤峰市 翁牛特旗
67%
内蒙古自治区 通辽市 扎鲁特旗
67%
黑龙江省 齐齐哈尔市 铁锋区
67%
安徽省 淮北市 濉溪县
67%
安徽省 宣城市 郎溪县
67%
安徽省 宣城市 绩溪县
67%
福建省 三明市 尤溪县
67%
江西省 九江市 濂溪区
67%
山东省 潍坊市 临朐县
67%
河南省 新乡市 延津县
67%
湖北省 恩施土家族苗族自治州 鹤峰县
67%
湖南省 郴州市 苏仙区
67%
广西壮族自治区 梧州市 岑溪市
67%
四川省 遂宁市 蓬溪县
67%
云南省 临沧市 临翔区
67%
云南省 怒江傈僳族自治州 福贡县
67%
陕西省 西安市 临潼区
67%
陕西省 延安市 富县
67%
甘肃省 定西市 临洮县
67%
甘肃省 甘南藏族自治州 临潭县
67%
新疆维吾尔自治区 博尔塔拉蒙古自治州 温泉县
67%
新疆维吾尔自治区 阿勒泰地区 富蕴县
67%
天津市 (直辖) 宝坻区
66%
山西省 大同市 广灵县
66%
山西省 临汾市 吉县
66%
辽宁省 抚顺市 抚顺县
66%
吉林省 长春市 绿园区
66%
浙江省 温州市 永嘉县
66%
浙江省 台州市 温岭市
66%
安徽省 铜陵市 铜官区
66%
安徽省 阜阳市 颍泉区
66%
安徽省 宿州市 埇桥区
66%
福建省 南平市 光泽县
66%
河南省 新乡市 卫滨区
66%
河南省 商丘市 夏邑县
66%
湖南省 湘潭市 湘乡市
66%
广东省 珠海市 香洲区
66%
广西壮族自治区 桂林市 荔浦市
66%
四川省 眉山市 仁寿县
66%
贵州省 遵义市 凤冈县
66%
贵州省 黔南布依族苗族自治州 罗甸县
66%
西藏自治区 拉萨市 墨竹工卡县
66%
西藏自治区 阿里地区 革吉县
66%
陕西省 西安市 灞桥区
66%
青海省 黄南藏族自治州 泽库县
66%
河北省 承德市 双滦区
65%
山西省 长治市 壶关县
65%
山西省 忻州市 偏关县
65%
内蒙古自治区 呼和浩特市 托克托县
65%
内蒙古自治区 鄂尔多斯市 鄂托克旗
65%
内蒙古自治区 锡林郭勒盟 太仆寺旗
65%
吉林省 延边朝鲜族自治州 珲春市
65%
黑龙江省 哈尔滨市 方正县
65%
福建省 宁德市 福鼎市
65%
山东省 东营市 利津县
65%
山东省 临沂市 罗庄区
65%
河南省 新乡市 封丘县
65%
广西壮族自治区 玉林市 福绵区
65%
云南省 曲靖市 会泽县
65%
陕西省 渭南市 潼关县
65%
甘肃省 陇南市 康县
65%
甘肃省 临夏回族自治州 永靖县
65%
新疆维吾尔自治区 吐鲁番市 托克逊县
65%
北京市 (直辖) 怀柔区
63%
河北省 邯郸市 肥乡区
63%
河北省 邢台市 柏乡县
63%
内蒙古自治区 兴安盟 突泉县
63%
吉林省 长春市 榆树市
63%
黑龙江省 齐齐哈尔市 拜泉县
63%
黑龙江省 黑河市 逊克县
63%
浙江省 温州市 洞头区
63%
福建省 厦门市 集美区
63%
山东省 济宁市 曲阜市
63%
湖北省 黄冈市 蕲春县
63%
湖南省 衡阳市 雁峰区
63%
湖南省 永州市 双牌县
63%
湖南省 怀化市 溆浦县
63%
广东省 广州市 荔湾区
63%
甘肃省 天水市 甘谷县
63%
青海省 果洛藏族自治州 玛多县
63%
新疆维吾尔自治区 昌吉回族自治州 呼图壁县
63%
新疆维吾尔自治区 昌吉回族自治州 玛纳斯县
63%
新疆维吾尔自治区 伊犁哈萨克自治州 昭苏县
63%
河北省 石家庄市 深泽县
62%
河北省 邯郸市 鸡泽县
62%
山西省 太原市 古交市
62%
内蒙古自治区 巴彦淖尔市 杭锦后旗
62%
黑龙江省 鹤岗市 绥滨县
62%
江苏省 南京市 秦淮区
62%
江苏省 苏州市 姑苏区
62%
安徽省 安庆市 宿松县
62%
江西省 上饶市 横峰县
62%
山东省 潍坊市 寿光市
62%
湖北省 恩施土家族苗族自治州 建始县
62%
湖南省 怀化市 会同县
62%
广东省 梅州市 蕉岭县
62%
海南省 海口市 秀英区
62%
海南省 (直辖) 保亭黎族苗族自治县
62%
贵州省 铜仁市 松桃苗族自治县
62%
西藏自治区 拉萨市 达孜区
62%
西藏自治区 山南市 桑日县
62%
陕西省 宝鸡市 渭滨区
62%
陕西省 延安市 志丹县
62%
甘肃省 甘南藏族自治州 舟曲县
62%
宁夏回族自治区 吴忠市 盐池县
62%
河北省 邢台市 任泽区
61%
河北省 邢台市 内丘县
61%
河北省 沧州市 泊头市
61%
山西省 运城市 夏县
61%
山西省 临汾市 洪洞县
61%
黑龙江省 佳木斯市 前进区
61%
上海市 (直辖) 普陀区
61%
江苏省 南京市 建邺区
61%
浙江省 嘉兴市 桐乡市
61%
浙江省 舟山市 普陀区
61%
福建省 南平市 建瓯市
61%
山东省 淄博市 周村区
61%
河南省 鹤壁市 淇滨区
61%
湖北省 黄冈市 团风县
61%
湖北省 咸宁市 嘉鱼县
61%
湖南省 湘潭市 岳塘区
61%
湖南省 湘西土家族苗族自治州 保靖县
61%
广东省 揭阳市 惠来县
61%
四川省 眉山市 洪雅县
61%
云南省 昭通市 巧家县
61%
云南省 普洱市 孟连傣族拉祜族佤族自治县
61%
西藏自治区 昌都市 洛隆县
61%
青海省 海北藏族自治州 祁连县
61%
河北省 石家庄市 行唐县
60%
河北省 石家庄市 灵寿县
60%
山西省 大同市 灵丘县
60%
山西省 临汾市 曲沃县
60%
内蒙古自治区 阿拉善盟 额济纳旗
60%
黑龙江省 伊春市 伊美区
60%
黑龙江省 牡丹江市 爱民区
60%
江苏省 宿迁市 泗洪县
60%
安徽省 芜湖市 湾沚区
60%
河南省 郑州市 惠济区
60%
河南省 焦作市 博爱县
60%
河南省 商丘市 梁园区
60%
四川省 甘孜藏族自治州 色达县
60%
四川省 凉山彝族自治州 会理市
60%
河北省 唐山市 古冶区
59%
河北省 邯郸市 峰峰矿区
59%
山西省 运城市 垣曲县
59%
内蒙古自治区 赤峰市 敖汉旗
59%
吉林省 白山市 抚松县
59%
浙江省 嘉兴市 嘉善县
59%
安徽省 亳州市 利辛县
59%
江西省 新余市 分宜县
59%
山东省 济南市 章丘区
59%
湖南省 郴州市 宜章县
59%
四川省 广安市 前锋区
59%
云南省 昆明市 宜良县
59%
云南省 昭通市 永善县
59%
云南省 昭通市 威信县
59%
西藏自治区 日喀则市 拉孜县
59%
西藏自治区 日喀则市 仁布县
59%
陕西省 铜川市 宜君县
59%
陕西省 宝鸡市 扶风县
59%
陕西省 咸阳市 永寿县
59%
甘肃省 武威市 古浪县
59%
甘肃省 甘南藏族自治州 碌曲县
59%
宁夏回族自治区 吴忠市 同心县
59%
河北省 邯郸市 永年区
57%
河北省 保定市 莲池区
57%
辽宁省 营口市 站前区
57%
吉林省 四平市 梨树县
57%
黑龙江省 鸡西市 梨树区
57%
黑龙江省 大兴安岭地区 呼玛县
57%
上海市 (直辖) 徐汇区
57%
安徽省 马鞍山市 博望区
57%
江西省 抚州市 崇仁县
57%
山东省 济宁市 嘉祥县
57%
广东省 广州市 越秀区
57%
广西壮族自治区 百色市 那坡县
57%
四川省 攀枝花市 米易县
57%
四川省 泸州市 古蔺县
57%
四川省 甘孜藏族自治州 理塘县
57%
贵州省 黔东南苗族侗族自治州 丹寨县
57%
西藏自治区 那曲市 尼玛县
57%
西藏自治区 阿里地区 札达县
57%
陕西省 宝鸡市 凤翔区
57%
陕西省 榆林市 府谷县
57%
甘肃省 陇南市 成县
57%
新疆维吾尔自治区 塔城地区 裕民县
57%
河北省 邢台市 广宗县
56%
黑龙江省 哈尔滨市 道外区
56%
江西省 宜春市 樟树市
56%
山东省 东营市 广饶县
56%
河南省 商丘市 民权县
56%
河南省 周口市 沈丘县
56%
湖北省 咸宁市 赤壁市
56%
湖北省 (直辖) 仙桃市
56%
湖南省 邵阳市 隆回县
56%
湖南省 湘西土家族苗族自治州 凤凰县
56%
广东省 湛江市 徐闻县
56%
四川省 攀枝花市 盐边县
56%
云南省 昭通市 盐津县
56%
西藏自治区 那曲市 嘉黎县
56%
陕西省 西安市 周至县
56%
陕西省 宝鸡市 凤县
56%
甘肃省 武威市 民勤县
56%
河北省 沧州市 任丘市
55%
山西省 临汾市 古县
55%
内蒙古自治区 呼和浩特市 回民区
55%
内蒙古自治区 锡林郭勒盟 多伦县
55%
辽宁省 营口市 老边区
55%
黑龙江省 七台河市 勃利县
55%
江苏省 苏州市 常熟市
55%
河南省 洛阳市 孟津区
55%
湖南省 湘西土家族苗族自治州 古丈县
55%
云南省 丽江市 永胜县
55%
陕西省 西安市 雁塔区
55%
甘肃省 甘南藏族自治州 合作市
55%
河北省 张家口市 崇礼区
54%
辽宁省 本溪市 桓仁满族自治县
54%
黑龙江省 大庆市 让胡路区
54%
江苏省 常州市 钟楼区
54%
安徽省 芜湖市 无为市
54%
安徽省 六安市 叶集区
54%
江西省 九江市 彭泽县
54%
江西省 上饶市 余干县
54%
山东省 青岛市 李沧区
54%
湖南省 岳阳市 汨罗市
54%
四川省 自贡市 贡井区
54%
四川省 遂宁市 射洪市
54%
四川省 阿坝藏族羌族自治州 松潘县
54%
四川省 凉山彝族自治州 甘洛县
54%
云南省 昭通市 鲁甸县
54%
甘肃省 平凉市 崇信县
54%
青海省 玉树藏族自治州 治多县
54%
河北省 保定市 博野县
52%
河北省 衡水市 景县
52%
辽宁省 辽阳市 灯塔市
52%
黑龙江省 哈尔滨市 香坊区
52%
江苏省 南京市 鼓楼区
52%
江苏省 徐州市 鼓楼区
52%
福建省 福州市 鼓楼区
52%
山东省 东营市 垦利区
52%
河南省 开封市 鼓楼区
52%
湖北省 荆州市 松滋市
52%
湖北省 荆州市 监利市
52%
湖南省 张家界市 慈利县
52%
四川省 绵阳市 盐亭县
52%
四川省 宜宾市 筠连县
52%
云南省 红河哈尼族彝族自治州 蒙自市
52%
云南省 红河哈尼族彝族自治州 屏边苗族自治县
52%
西藏自治区 日喀则市 昂仁县
52%
西藏自治区 那曲市 色尼区
52%
甘肃省 兰州市 永登县
52%
青海省 果洛藏族自治州 玛沁县
52%
山西省 太原市 迎泽区
51%
内蒙古自治区 兴安盟 扎赉特旗
51%
江苏省 镇江市 丹徒区
51%
浙江省 杭州市 钱塘区
51%
福建省 莆田市 仙游县
51%
广东省 湛江市 赤坎区
51%
四川省 绵阳市 游仙区
51%
甘肃省 甘南藏族自治州 卓尼县
51%
青海省 玉树藏族自治州 称多县
51%
新疆维吾尔自治区 阿克苏地区 温宿县
51%
山西省 长治市 屯留区
50%
黑龙江省 双鸭山市 集贤县
50%
山东省 菏泽市 牡丹区
50%
河南省 三门峡市 渑池县
50%
四川省 眉山市 丹棱县
50%
云南省 曲靖市 陆良县
50%
云南省 曲靖市 宣威市
50%
西藏自治区 拉萨市 当雄县
50%
西藏自治区 昌都市 边坝县
50%
西藏自治区 林芝市 波密县
50%
新疆维吾尔自治区 阿克苏地区 库车市
50%
河北省 石家庄市 无极县
49%
河北省 石家庄市 辛集市
49%
河北省 邢台市 隆尧县
49%
吉林省 白山市 靖宇县
49%
江西省 九江市 永修县
49%
山东省 滨州市 无棣县
49%
河南省 新乡市 获嘉县
49%
河南省 新乡市 卫辉市
49%
湖南省 郴州市 嘉禾县
49%
四川省 泸州市 叙永县
49%
四川省 凉山彝族自治州 美姑县
49%
贵州省 遵义市 道真仡佬族苗族自治县
49%
贵州省 黔东南苗族侗族自治州 锦屏县
49%
云南省 文山壮族苗族自治州 麻栗坡县
49%
陕西省 榆林市 靖边县
49%
青海省 玉树藏族自治州 杂多县
49%
新疆维吾尔自治区 哈密市 伊吾县
49%
河北省 保定市 竞秀区
48%
山西省 阳泉市 矿区
48%
黑龙江省 伊春市 嘉荫县
48%
福建省 莆田市 秀屿区
48%
湖南省 湘潭市 湘潭县
48%
贵州省 黔西南布依族苗族自治州 晴隆县
48%
云南省 楚雄彝族自治州 楚雄市
48%
西藏自治区 山南市 措美县
48%
山西省 太原市 尖草坪区
46%
辽宁省 沈阳市 法库县
46%
浙江省 台州市 仙居县
46%
安徽省 淮北市 杜集区
46%
安徽省 宿州市 灵璧县
46%
河南省 南阳市 社旗县
46%
广东省 清远市 佛冈县
46%
西藏自治区 山南市 错那市
46%
新疆维吾尔自治区 喀什地区 喀什市
46%
新疆维吾尔自治区 伊犁哈萨克自治州 奎屯市
46%
内蒙古自治区 通辽市 库伦旗
45%
浙江省 杭州市 余杭区
45%
浙江省 宁波市 余姚市
45%
安徽省 淮南市 潘集区
45%
江西省 赣州市 章贡区
45%
山东省 烟台市 蓬莱区
45%
山东省 泰安市 岱岳区
45%
湖南省 长沙市 岳麓区
45%
四川省 甘孜藏族自治州 甘孜县
45%
四川省 甘孜藏族自治州 得荣县
45%
云南省 红河哈尼族彝族自治州 个旧市
45%
甘肃省 平凉市 庄浪县
45%
宁夏回族自治区 石嘴山市 惠农区
45%
河北省 沧州市 孟村回族自治县
44%
黑龙江省 鸡西市 滴道区
44%
黑龙江省 黑河市 爱辉区
44%
福建省 宁德市 柘荣县
44%
湖北省 荆门市 钟祥市
44%
湖南省 永州市 道县
44%
湖南省 娄底市 娄星区
44%
重庆市 (直辖) 奉节县
44%
四川省 阿坝藏族羌族自治州 理县
44%
四川省 甘孜藏族自治州 道孚县
44%
四川省 凉山彝族自治州 雷波县
44%
陕西省 铜川市 王益区
44%
陕西省 宝鸡市 陈仓区
44%
青海省 果洛藏族自治州 班玛县
44%
河北省 邢台市 威县
43%
内蒙古自治区 赤峰市 喀喇沁旗
43%
吉林省 松原市 扶余市
43%
黑龙江省 鹤岗市 工农区
43%
江苏省 连云港市 赣榆区
43%
安徽省 蚌埠市 禹会区
43%
山东省 济南市 莱芜区
43%
广东省 湛江市 麻章区
43%
四川省 自贡市 荣县
43%
西藏自治区 日喀则市 桑珠孜区
43%
西藏自治区 山南市 洛扎县
43%
西藏自治区 那曲市 聂荣县
43%
陕西省 汉中市 佛坪县
43%
河北省 石家庄市 井陉矿区
41%
河北省 石家庄市 井陉县
41%
河北省 邯郸市 魏县
41%
河北省 保定市 唐县
41%
内蒙古自治区 鄂尔多斯市 杭锦旗
41%
上海市 (直辖) 奉贤区
41%
河南省 周口市 鹿邑县
41%
湖北省 恩施土家族苗族自治州 宣恩县
41%
四川省 德阳市 绵竹市
41%
四川省 乐山市 井研县
41%
西藏自治区 昌都市 卡若区
41%
西藏自治区 那曲市 比如县
41%
河北省 石家庄市 赵县
40%
山西省 阳泉市 郊区
40%
吉林省 吉林市 船营区
40%
黑龙江省 佳木斯市 郊区
40%
安徽省 淮南市 寿县
40%
安徽省 铜陵市 郊区
40%
湖南省 衡阳市 蒸湘区
40%
广西壮族自治区 柳州市 鹿寨县
40%
云南省 红河哈尼族彝族自治州 弥勒市
40%
新疆维吾尔自治区 阿克苏地区 柯坪县
40%
新疆维吾尔自治区 喀什地区 疏勒县
40%
河北省 唐山市 曹妃甸区
39%
黑龙江省 鸡西市 鸡冠区
39%
江苏省 镇江市 句容市
39%
安徽省 六安市 霍邱县
39%
山东省 潍坊市 寒亭区
39%
河南省 郑州市 登封市
39%
湖北省 十堰市 房县
39%
湖北省 宜昌市 猇亭区
39%
湖南省 株洲市 荷塘区
39%
陕西省 榆林市 米脂县
39%
甘肃省 陇南市 礼县
39%
甘肃省 陇南市 两当县
39%
新疆维吾尔自治区 和田地区 策勒县
39%
河北省 保定市 易县
38%
辽宁省 营口市 鲅鱼圈区
38%
吉林省 延边朝鲜族自治州 图们市
38%
上海市 (直辖) 闵行区
38%
江苏省 宿迁市 宿豫区
38%
广西壮族自治区 贵港市 覃塘区
38%
河北省 邢台市 巨鹿县
37%
河北省 保定市 雄县
37%
山西省 运城市 闻喜县
37%
黑龙江省 哈尔滨市 宾县
37%
江苏省 南通市 如皋市
37%
安徽省 马鞍山市 当涂县
37%
四川省 乐山市 峨边彝族自治县
37%
四川省 阿坝藏族羌族自治州 壤塘县
37%
河北省 石家庄市 赞皇县
35%
山西省 忻州市 忻府区
35%
江苏省 南京市 栖霞区
35%
浙江省 舟山市 嵊泗县
35%
安徽省 阜阳市 界首市
35%
江西省 南昌市 进贤县
35%
山东省 烟台市 栖霞市
35%
山东省 威海市 环翠区
35%
河南省 焦作市 温县
35%
河南省 南阳市 桐柏县
35%
河南省 周口市 扶沟县
35%
湖北省 恩施土家族苗族自治州 恩施市
35%
新疆维吾尔自治区 巴音郭楞蒙古自治州 若羌县
35%
山西省 晋中市 榆次区
34%
山西省 晋中市 榆社县
34%
山西省 临汾市 襄汾县
34%
吉林省 吉林市 桦甸市
34%
安徽省 滁州市 全椒县
34%
江西省 景德镇市 浮梁县
34%
河南省 开封市 祥符区
34%
湖北省 武汉市 蔡甸区
34%
广西壮族自治区 玉林市 容县
34%
广西壮族自治区 崇左市 凭祥市
34%
青海省 海西蒙古族藏族自治州 茫崖市
34%
内蒙古自治区 乌兰察布市 卓资县
33%
辽宁省 沈阳市 皇姑区
33%
浙江省 杭州市 桐庐县
33%
河南省 平顶山市 叶县
33%
广西壮族自治区 崇左市 扶绥县
33%
四川省 宜宾市 翠屏区
33%
云南省 普洱市 澜沧拉祜族自治县
33%
甘肃省 酒泉市 敦煌市
33%
新疆维吾尔自治区 吐鲁番市 鄯善县
33%
河北省 张家口市 涿鹿县
32%
河北省 沧州市 沧县
32%
辽宁省 鞍山市 岫岩满族自治县
32%
黑龙江省 哈尔滨市 尚志市
32%
山东省 青岛市 即墨区
32%
湖南省 衡阳市 珠晖区
32%
四川省 广元市 旺苍县
32%
四川省 凉山彝族自治州 布拖县
32%
贵州省 毕节市 纳雍县
32%
云南省 昆明市 呈贡区
32%
云南省 保山市 施甸县
32%
西藏自治区 昌都市 察雅县
32%
西藏自治区 林芝市 墨脱县
32%
西藏自治区 山南市 贡嘎县
32%
陕西省 汉中市 留坝县
32%
新疆维吾尔自治区 喀什地区 莎车县
32%
辽宁省 丹东市 宽甸满族自治县
30%
福建省 福州市 闽侯县
30%
河南省 三门峡市 卢氏县
30%
河南省 信阳市 固始县
30%
四川省 德阳市 什邡市
30%
贵州省 黔南布依族苗族自治州 荔波县
30%
云南省 昆明市 寻甸回族彝族自治县
30%
云南省 曲靖市 师宗县
30%
云南省 普洱市 思茅区
30%
云南省 德宏傣族景颇族自治州 芒市
30%
安徽省 宿州市 泗县
29%
河南省 平顶山市 舞钢市
29%
四川省 南充市 仪陇县
29%
贵州省 遵义市 桐梓县
29%
西藏自治区 昌都市 贡觉县
29%
河北省 邯郸市 邱县
28%
黑龙江省 伊春市 汤旺县
28%
黑龙江省 绥化市 绥棱县
28%
海南省 (直辖) 澄迈县
28%
贵州省 毕节市 赫章县
28%
甘肃省 庆阳市 环县
28%
山东省 菏泽市 巨野县
27%
广东省 广州市 番禺区
27%
广西壮族自治区 梧州市 苍梧县
27%
四川省 甘孜藏族自治州 炉霍县
27%
陕西省 西安市 鄠邑区
27%
甘肃省 陇南市 徽县
27%
青海省 果洛藏族自治州 久治县
27%
河北省 承德市 围场满族蒙古族自治县
26%
山西省 长治市 沁县
26%
江苏省 徐州市 沛县
26%
山东省 烟台市 芝罘区
26%
河南省 信阳市 息县
26%
四川省 自贡市 沿滩区
26%
贵州省 贵阳市 息烽县
26%
西藏自治区 日喀则市 萨嘎县
26%
陕西省 安康市 岚皋县
26%
河北省 衡水市 枣强县
24%
辽宁省 辽阳市 宏伟区
24%
安徽省 宣城市 泾县
24%
山东省 菏泽市 单县
24%
重庆市 (直辖) 忠县
24%
云南省 昆明市 官渡区
24%
云南省 大理白族自治州 弥渡县
24%
陕西省 咸阳市 旬邑县
24%
陕西省 汉中市 洋县
24%
青海省 海北藏族自治州 刚察县
24%
新疆维吾尔自治区 塔城地区 额敏县
24%
山西省 长治市 襄垣县
23%
黑龙江省 绥化市 望奎县
23%
安徽省 宿州市 萧县
23%
山东省 菏泽市 曹县
23%
河南省 开封市 尉氏县
23%
湖北省 随州市 随县
23%
四川省 凉山彝族自治州 昭觉县
23%
西藏自治区 日喀则市 萨迦县
23%
西藏自治区 山南市 加查县
23%
陕西省 宝鸡市 麟游县
23%
青海省 黄南藏族自治州 尖扎县
23%
山西省 晋中市 祁县
22%
江苏省 扬州市 仪征市
22%
江西省 九江市 柴桑区
22%
河南省 新乡市 牧野区
22%
四川省 阿坝藏族羌族自治州 茂县
22%
贵州省 遵义市 湄潭县
22%
西藏自治区 林芝市 察隅县
22%
陕西省 榆林市 佳县
22%
新疆维吾尔自治区 巴音郭楞蒙古自治州 且末县
22%
河北省 邯郸市 馆陶县
21%
山西省 朔州市 应县
21%
山西省 忻州市 岢岚县
21%
山西省 吕梁市 岚县
21%
湖南省 张家界市 桑植县
21%
四川省 泸州市 泸县
21%
四川省 乐山市 犍为县
21%
西藏自治区 那曲市 申扎县
21%
西藏自治区 阿里地区 改则县
21%
甘肃省 定西市 漳县
21%
新疆维吾尔自治区 伊犁哈萨克自治州 巩留县
21%
河北省 张家口市 蔚县
20%
山西省 临汾市 隰县
20%
山西省 临汾市 蒲县
20%
江苏省 徐州市 贾汪区
20%
河南省 鹤壁市 淇县
20%
湖北省 宜昌市 点军区
20%
贵州省 黔西南布依族苗族自治州 望谟县
20%
西藏自治区 阿里地区 措勤县
20%
新疆维吾尔自治区 喀什地区 伽师县
20%
河北省 邯郸市 涉县
18%
河北省 邯郸市 磁县
18%
江苏省 泰州市 姜堰区
18%
河南省 洛阳市 偃师区
18%
云南省 昭通市 彝良县
18%
西藏自治区 山南市 扎囊县
18%
西藏自治区 山南市 琼结县
18%
新疆维吾尔自治区 喀什地区 麦盖提县
18%
山西省 晋中市 介休市
17%
内蒙古自治区 呼和浩特市 赛罕区
17%
浙江省 杭州市 拱墅区
17%
安徽省 黄山市 歙县
17%
河南省 安阳市 滑县
17%
湖南省 长沙市 芙蓉区
17%
湖南省 常德市 澧县
17%
四川省 广元市 剑阁县
17%
四川省 雅安市 荥经县
17%
云南省 曲靖市 沾益区
17%
山西省 太原市 娄烦县
16%
山西省 忻州市 代县
16%
黑龙江省 伊春市 友好区
16%
湖北省 宜昌市 秭归县
16%
云南省 西双版纳傣族自治州 勐腊县
16%
陕西省 宝鸡市 陇县
16%
山西省 运城市 绛县
15%
内蒙古自治区 通辽市 奈曼旗
15%
江苏省 淮安市 盱眙县
15%
河南省 焦作市 解放区
15%
河南省 濮阳市 范县
15%
贵州省 黔东南苗族侗族自治州 岑巩县
15%
西藏自治区 林芝市 朗县
15%
陕西省 西安市 未央区
15%
陕西省 西安市 阎良区
15%
陕西省 宝鸡市 眉县
15%
新疆维吾尔自治区 巴音郭楞蒙古自治州 尉犁县
15%
新疆维吾尔自治区 巴音郭楞蒙古自治州 焉耆回族自治县
15%
黑龙江省 牡丹江市 穆棱市
13%
浙江省 绍兴市 诸暨市
13%
四川省 绵阳市 梓潼县
13%
四川省 达州市 渠县
13%
贵州省 黔东南苗族侗族自治州 施秉县
13%
云南省 保山市 腾冲市
13%
西藏自治区 那曲市 班戈县
13%
青海省 玉树藏族自治州 囊谦县
13%
山西省 阳泉市 盂县
12%
黑龙江省 双鸭山市 友谊县
12%
山东省 临沂市 费县
12%
河南省 开封市 杞县
12%
湖南省 株洲市 芦淞区
12%
甘肃省 天水市 麦积区
12%
新疆维吾尔自治区 喀什地区 疏附县
12%
河北省 保定市 蠡县
11%
河北省 沧州市 献县
11%
安徽省 黄山市 黟县
11%
四川省 成都市 邛崃市
11%
陕西省 咸阳市 乾县
11%
山东省 济南市 槐荫区
10%
河南省 洛阳市 嵩县
10%
湖北省 十堰市 茅箭区
10%
广西壮族自治区 桂林市 叠彩区
10%
云南省 曲靖市 麒麟区
10%
西藏自治区 那曲市 索县
10%
甘肃省 平凉市 崆峒区
10%
甘肃省 甘南藏族自治州 迭部县
10%
青海省 海东市 互助土族自治县
10%
山东省 日照市 莒县
9%
四川省 宜宾市 珙县
9%
甘肃省 定西市 岷县
9%
山东省 聊城市 莘县
7%
河南省 鹤壁市 浚县
7%
河南省 商丘市 睢县
7%
湖北省 荆门市 掇刀区
7%
湖南省 株洲市 攸县
7%
贵州省 黔西南布依族苗族自治州 册亨县
7%
云南省 昆明市 禄劝彝族苗族自治县
7%
陕西省 汉中市 勉县
7%
山西省 忻州市 繁峙县
6%
广西壮族自治区 梧州市 藤县
6%
安徽省 滁州市 琅琊区
5%
山东省 聊城市 冠县
5%
河南省 平顶山市 郏县
5%
云南省 大理白族自治州 漾濞彝族自治县
5%
No matching quizzes found
Score Distribution
Percent of People with Each Score
Percentile by Number Answered
Your Score History
You have not taken this quiz